{"text_format":"3","workbook":"xlsx","n_sheets":2,"sheets":["commercial","men"],"not_rendered":{"images":1,"defined_names":1},"read":"whole","date_system":"1900"}

{"sheet":"commercial","index":0,"n_rows":1376,"n_cols":9,"rows_kept":1376,"merged":[[11,2,11,5],[13,2,13,5],[14,2,15,5],[16,1,16,2],[16,3,16,6],[17,1,17,2],[17,3,17,6],[19,1,20,1],[19,2,20,3],[30,4,30,5],[31,4,31,5],[32,4,32,5],[33,4,33,5],[34,4,34,5],[35,4,35,5],[36,4,36,5],[37,4,37,5],[40,1,40,2],[40,3,40,6],[41,1,41,2],[41,3,41,6],[42,1,42,2],[42,3,42,6],[45,1,46,1],[45,2,46,2],[45,3,46,6],[47,3,47,6],[50,0,50,7],[53,1,53,3],[56,1,56,3],[61,1,61,3],[63,1,63,2],[63,3,63,6],[64,1,64,2],[64,3,64,6],[67,1,68,1],[67,2,68,2],[67,3,68,6],[71,1,71,3],[74,1,74,3],[75,1,75,3],[76,1,76,3],[78,1,78,3],[79,1,79,3],[82,1,82,3],[84,1,84,3],[85,1,85,3],[88,1,88,3],[90,1,90,3],[92,1,92,3],[93,1,93,3],[94,1,94,3],[96,1,96,2],[96,3,96,6],[97,1,97,2],[97,3,97,6],[98,1,98,3],[100,1,101,1],[100,2,101,2],[100,3,101,6],[102,3,102,6],[107,1,107,3],[108,1,108,3],[109,1,109,3],[112,1,112,3],[113,1,113,2],[114,1,114,3],[117,1,117,3],[118,1,118,3],[119,1,119,3],[120,1,120,3],[121,1,121,3],[122,1,122,3],[123,1,123,3],[126,1,126,3],[127,1,127,3],[128,1,128,3],[129,1,129,3],[132,1,132,3],[133,1,133,3],[134,1,134,3],[135,1,135,3],[136,1,136,3],[137,1,137,3],[138,1,138,3],[139,1,139,3],[141,1,141,2],[142,1,142,3],[143,1,143,3],[146,1,146,3],[147,1,147,3],[149,1,149,3],[150,1,150,3],[151,1,151,3],[152,1,152,3],[156,1,156,3],[157,1,157,3],[158,1,158,3],[160,1,160,3],[162,1,162,3],[165,1,165,2],[166,1,166,3],[167,1,167,3],[168,1,168,3],[169,1,169,3],[170,1,170,3],[171,1,171,3],[172,1,172,3],[173,1,173,3],[175,1,175,3],[176,1,176,3],[177,1,177,3],[178,1,178,3],[179,1,179,3],[180,1,180,3],[181,1,181,3],[182,1,182,3],[183,1,183,3],[184,1,184,3],[185,1,185,3],[186,1,186,3],[187,1,187,3],[188,1,188,3],[191,1,191,3],[192,1,192,3],[193,1,193,3],[194,1,194,3],[196,1,196,3],[198,1,198,3],[200,1,200,3],[203,1,203,3],[205,1,205,3],[206,1,206,2],[206,3,206,6],[207,1,207,2],[207,3,207,6],[210,1,211,1],[210,2,211,2],[210,3,211,6],[212,3,212,6],[216,1,216,3],[217,1,217,3],[219,1,219,3],[222,1,222,3],[224,1,224,3],[227,1,227,3],[229,1,229,3],[230,1,230,3],[232,1,232,3],[233,1,233,3],[235,1,235,2],[235,3,235,6],[236,1,236,2],[236,3,236,6],[239,1,240,1],[239,2,240,2],[239,3,240,6],[243,1,243,3],[247,1,247,3],[248,1,248,3],[249,1,249,3],[251,1,251,3],[253,1,253,3],[256,1,256,2],[256,3,256,6],[257,1,257,2],[257,3,257,6],[259,1,260,1],[259,2,260,2],[259,3,260,6],[262,1,262,3],[265,4,283,4],[265,5,283,5],[265,6,283,6],[265,7,283,7],[266,1,266,3],[267,1,267,3],[271,1,271,3],[272,1,272,3],[273,1,273,3],[279,1,279,2],[280,1,280,3],[288,1,288,3],[290,1,290,3],[291,1,291,3],[292,1,292,3],[293,1,293,2],[293,3,293,6],[294,1,294,2],[294,3,294,6],[297,1,298,1],[297,2,298,2],[297,3,298,6],[299,3,299,6],[305,1,305,3],[306,1,306,3],[306,9,306,11],[307,1,307,3],[307,9,307,11],[308,1,308,3],[308,9,308,11],[309,1,309,3],[311,1,311,3],[312,1,312,3],[313,1,313,3],[314,1,314,3],[315,1,315,3],[318,1,318,3],[320,1,320,3],[322,1,322,3],[325,1,325,2],[325,3,325,6],[326,1,326,2],[326,3,326,6],[329,1,330,1],[329,2,330,2],[329,3,330,6],[333,1,333,2],[335,1,335,3],[336,1,336,3],[337,1,337,3],[338,1,338,3],[341,1,341,3],[343,1,343,3],[346,1,346,3],[348,1,348,2],[348,3,348,6],[349,1,349,2],[349,3,349,6],[351,1,352,1],[351,2,352,2],[351,3,352,6],[353,3,353,6],[354,3,354,6],[355,1,355,3],[356,1,356,3],[357,1,357,3],[359,1,359,3],[361,1,361,3],[363,1,363,3],[364,1,364,3],[369,1,369,3],[369,9,369,11],[371,1,371,3],[372,1,372,3],[374,1,374,3],[376,1,376,3],[378,1,378,2],[378,3,378,6],[379,1,379,2],[379,3,379,6],[382,1,383,1],[382,2,383,2],[382,3,383,6],[384,3,384,6],[385,3,385,6],[386,1,386,3],[387,1,387,2],[389,1,389,3],[391,1,391,3],[394,1,394,3],[396,1,396,3],[399,1,399,3],[403,1,403,2],[403,3,403,6],[404,1,404,2],[404,3,404,6],[407,1,408,1],[407,2,408,2],[407,3,408,6],[409,3,409,6],[411,0,412,0],[411,1,411,3],[412,1,412,3],[414,1,414,3],[417,1,417,3],[422,1,422,3],[423,1,423,3],[424,1,424,3],[425,1,425,3],[429,1,429,3],[430,1,430,3],[433,1,433,3],[434,1,434,3],[435,1,435,3],[436,1,436,3],[437,1,437,3],[439,1,439,2],[440,1,440,2],[443,1,443,3],[448,1,448,3],[449,1,449,3],[450,1,450,3],[451,1,451,2],[451,3,451,6],[452,1,452,2],[452,3,452,6],[453,1,453,2],[453,3,453,6],[456,1,457,1],[456,2,457,2],[456,3,457,6],[458,3,458,6],[460,1,460,3],[462,1,462,2],[463,1,463,3],[464,1,464,3],[466,1,466,3],[468,1,468,3],[470,1,470,2],[472,1,472,3],[473,1,473,3],[475,1,475,3],[478,1,478,3],[480,1,480,3],[481,1,481,3],[482,1,482,3],[488,1,488,3],[489,1,489,3],[490,1,490,3],[492,1,492,2],[492,3,492,6],[493,1,493,2],[493,3,493,6],[495,1,496,1],[495,2,496,2],[495,3,496,6],[497,3,497,6],[498,3,498,6],[499,1,499,2],[505,1,505,3],[508,1,508,3],[509,1,509,3],[510,1,510,3],[511,1,511,3],[513,1,513,3],[514,1,514,3],[516,1,516,2],[518,1,518,3],[519,1,519,3],[520,1,520,3],[521,1,521,3],[522,1,522,3],[525,1,525,3],[527,1,527,3],[528,1,528,3],[530,1,530,3],[532,1,532,2],[532,3,532,6],[533,1,533,2],[533,3,533,6],[536,1,537,1],[536,2,537,2],[536,3,537,6],[539,3,539,6],[540,1,540,3],[543,1,543,3],[544,1,544,3],[548,1,548,3],[549,1,549,3],[550,1,550,3],[551,1,551,3],[553,1,553,2],[556,1,556,3],[557,1,557,3],[558,1,558,3],[559,1,559,3],[560,1,560,3],[562,1,562,2],[563,1,563,3],[564,1,564,3],[566,1,566,3],[568,1,568,3],[572,1,572,3],[573,1,573,3],[574,1,574,3],[575,1,575,3],[576,1,576,3],[577,1,577,3],[578,1,578,3],[579,1,579,3],[580,1,580,3],[581,1,581,3],[582,1,582,3],[585,1,585,3],[587,1,587,3],[589,1,589,3],[591,1,591,2],[591,3,591,6],[592,1,592,2],[592,3,592,6],[595,1,596,1],[595,2,596,2],[595,3,596,6],[597,3,597,6],[600,1,600,2],[602,1,602,3],[604,1,604,3],[606,1,606,3],[608,1,608,3],[609,1,609,3],[610,1,610,3],[611,1,611,3],[614,1,614,3],[618,1,618,2],[618,3,618,6],[619,1,619,2],[619,3,619,6],[622,1,623,1],[622,2,623,2],[622,3,623,6],[624,3,624,6],[627,1,627,2],[629,1,629,3],[630,1,630,3],[631,1,631,3],[632,1,632,3],[633,1,633,3],[635,1,635,3],[637,1,637,3],[638,1,638,3],[640,1,640,3],[641,1,641,3],[644,1,644,2],[644,3,644,6],[645,1,645,2],[645,3,645,6],[648,1,649,1],[648,2,649,2],[648,3,649,6],[650,3,650,6],[652,1,652,2],[654,1,654,7],[655,1,655,3],[658,1,658,3],[659,1,659,3],[660,1,660,3],[661,1,661,3],[662,1,662,3],[663,1,663,3],[664,1,664,3],[664,9,664,11],[667,1,667,3],[668,1,668,3],[669,1,669,3],[670,1,670,3],[671,1,671,3],[672,1,672,3],[673,1,673,3],[674,1,674,3],[677,1,677,3],[678,1,678,3],[679,1,679,3],[680,1,680,3],[681,1,681,3],[684,1,684,3],[685,1,685,3],[688,1,688,3],[689,1,689,3],[690,1,690,3],[691,1,691,3],[692,1,692,3],[693,1,693,3],[697,1,697,3],[698,1,698,3],[700,1,700,3],[702,1,702,3],[703,1,703,3],[703,9,703,11],[704,1,704,3],[706,1,706,3],[707,1,707,3],[708,1,708,3],[709,1,709,3],[710,1,710,3],[711,1,711,3],[712,1,712,3],[713,1,713,3],[714,1,714,3],[719,1,719,3],[720,1,720,3],[721,9,721,11],[723,1,723,3],[724,1,724,3],[725,1,725,3],[726,1,726,3],[729,1,729,3],[730,1,730,3],[731,1,731,3],[734,9,734,11],[735,1,735,3],[736,1,736,3],[737,1,737,3],[738,1,738,3],[741,1,741,3],[742,1,742,3],[743,1,743,3],[744,1,744,3],[747,1,747,3],[747,9,747,11],[751,1,751,3],[753,9,753,11],[754,1,754,3],[754,9,754,11],[755,1,755,3],[758,1,758,3],[759,1,759,3],[762,1,762,3],[762,9,762,11],[767,1,767,3],[768,1,768,3],[769,1,769,3],[770,1,770,3],[772,1,772,3],[777,1,777,3],[779,1,779,3],[782,1,782,2],[782,3,782,6],[783,1,783,2],[783,3,783,6],[786,1,787,1],[786,2,787,2],[786,3,787,6],[788,3,788,6],[790,1,790,2],[792,1,792,3],[793,1,793,3],[794,1,794,3],[795,1,795,3],[796,1,796,3],[798,1,798,3],[800,1,800,3],[801,1,801,3],[802,1,802,3],[810,1,810,2],[810,3,810,6],[811,1,811,2],[811,3,811,6],[814,1,815,1],[814,2,815,2],[814,3,815,6],[816,3,816,6],[818,1,818,2],[820,1,820,3],[821,1,821,3],[822,1,822,3],[823,1,823,3],[824,1,824,3],[825,1,825,3],[826,1,826,3],[828,1,828,3],[830,1,830,3],[832,1,832,3],[834,1,834,3],[835,1,835,3],[836,1,836,3],[837,1,837,3],[839,1,839,2],[839,3,839,6],[840,1,840,2],[840,3,840,6],[843,1,844,1],[843,2,844,2],[843,3,844,6],[845,3,845,6],[846,2,846,6],[847,1,847,2],[849,1,849,3],[851,1,851,3],[853,1,853,3],[854,1,854,3],[855,1,855,3],[856,1,856,3],[857,1,857,3],[859,1,859,3],[863,1,863,2],[863,3,863,6],[864,1,864,2],[864,3,864,6],[867,1,868,1],[867,2,868,2],[867,3,868,6],[869,3,869,6],[871,1,871,3],[873,1,873,6],[875,1,875,2],[876,1,876,3],[878,1,878,3],[879,1,879,3],[881,1,881,3],[882,1,882,3],[884,1,884,3],[885,1,885,3],[887,1,887,2],[888,1,888,3],[890,1,890,3],[892,1,892,3],[893,1,893,3],[896,1,896,3],[898,1,898,3],[899,1,899,3],[900,1,900,3],[903,1,903,2],[903,3,903,6],[904,1,904,2],[904,3,904,6],[905,1,905,2],[905,3,905,6],[908,1,909,1],[908,2,909,2],[908,3,909,6],[911,1,911,3],[912,1,912,3],[914,1,914,3],[915,1,915,3],[916,1,916,3],[917,1,917,3],[919,1,919,3],[921,1,921,3],[922,1,922,3],[923,1,923,3],[924,1,924,3],[926,1,926,3],[927,1,927,3],[928,1,928,3],[930,1,930,3],[931,1,931,3],[932,1,932,3],[933,1,933,2],[934,1,934,3],[935,1,935,3],[936,1,936,3],[937,1,937,3],[938,1,938,3],[940,1,940,3],[942,1,942,3],[944,1,944,3],[945,1,945,3],[946,1,946,3],[949,1,949,2],[949,3,949,6],[950,1,950,2],[950,3,950,6],[953,1,954,1],[953,2,954,2],[953,3,954,6],[955,3,955,6],[957,1,957,3],[959,1,959,3],[960,1,960,3],[962,1,962,3],[964,1,964,3],[968,1,968,3],[969,3,969,6],[970,1,970,2],[970,3,970,6],[971,1,971,2],[971,3,971,6],[972,1,972,2],[972,3,972,6],[975,1,976,1],[975,2,976,2],[975,3,976,6],[977,3,977,6],[979,1,979,2],[981,1,981,3],[982,1,982,3],[983,1,983,3],[984,1,984,3],[986,1,986,3],[988,1,988,3],[989,1,989,3],[991,1,991,3],[993,1,993,3],[997,1,997,3],[1000,1,1000,3],[1001,1,1001,3],[1002,1,1002,3],[1004,1,1004,2],[1004,3,1004,6],[1005,1,1005,2],[1005,3,1005,6],[1007,1,1008,1],[1007,2,1008,2],[1007,3,1008,6],[1009,3,1009,6],[1011,1,1011,2],[1013,1,1013,3],[1014,1,1014,3],[1015,1,1015,3],[1016,1,1016,3],[1017,1,1017,3],[1018,1,1018,3],[1018,9,1018,11],[1019,1,1019,2],[1020,1,1020,3],[1020,9,1020,11],[1021,1,1021,3],[1021,9,1021,11],[1022,1,1022,3],[1022,9,1022,11],[1023,1,1023,3],[1025,1,1025,3],[1026,1,1026,3],[1027,1,1027,2],[1028,1,1028,3],[1028,9,1028,11],[1030,1,1030,3],[1030,9,1030,11],[1032,1,1032,3],[1032,9,1032,11],[1033,1,1033,3],[1033,9,1033,11],[1034,1,1034,3],[1034,9,1034,11],[1035,1,1035,3],[1036,1,1036,3],[1036,9,1036,11],[1037,1,1037,3],[1037,9,1037,11],[1038,1,1038,3],[1038,9,1038,11],[1041,1,1041,3],[1042,1,1042,3],[1042,9,1042,11],[1045,1,1045,3],[1047,1,1047,3],[1050,1,1050,2],[1050,3,1050,6],[1051,1,1051,2],[1051,3,1051,6],[1053,1,1054,1],[1053,2,1054,2],[1053,3,1054,6],[1055,3,1055,6],[1057,1,1057,2],[1059,1,1059,3],[1059,9,1059,11],[1060,1,1060,3],[1061,1,1061,3],[1061,9,1061,11],[1062,1,1062,3],[1062,9,1062,11],[1063,1,1063,3],[1063,9,1063,11],[1064,1,1064,3],[1064,9,1064,11],[1065,1,1065,3],[1066,1,1066,3],[1066,9,1066,11],[1068,1,1068,3],[1068,9,1068,11],[1069,1,1069,3],[1069,9,1069,11],[1070,1,1070,3],[1071,1,1071,3],[1071,9,1071,11],[1073,1,1073,3],[1074,1,1074,3],[1075,1,1075,3],[1076,1,1076,3],[1077,1,1077,3],[1078,1,1078,3],[1079,1,1079,3],[1080,1,1080,3],[1081,1,1081,3],[1082,1,1082,3],[1083,1,1083,3],[1084,1,1084,3],[1085,1,1085,3],[1086,1,1086,3],[1087,1,1087,3],[1088,1,1088,3],[1090,1,1090,3],[1091,1,1091,3],[1092,1,1092,3],[1093,1,1093,3],[1097,1,1097,3],[1099,1,1099,3],[1101,1,1101,2],[1101,3,1101,6],[1102,1,1102,2],[1102,3,1102,6],[1103,1,1103,2],[1103,3,1103,6],[1106,1,1107,1],[1106,2,1107,2],[1106,3,1107,6],[1108,3,1108,6],[1110,1,1110,3],[1112,1,1112,3],[1113,1,1113,3],[1119,1,1119,3],[1121,1,1121,3],[1122,1,1122,3],[1123,1,1123,3],[1127,1,1127,2],[1127,3,1127,6],[1128,1,1128,2],[1128,3,1128,6],[1131,1,1132,1],[1131,2,1132,2],[1131,3,1132,6],[1133,3,1133,6],[1135,1,1135,2],[1137,1,1137,3],[1137,4,1139,4],[1137,5,1139,5],[1137,6,1139,6],[1137,7,1139,7],[1139,1,1139,3],[1147,1,1147,3],[1149,1,1149,3],[1150,1,1150,3],[1151,1,1151,3],[1152,1,1152,3],[1154,1,1154,2],[1154,3,1154,6],[1155,1,1155,2],[1155,3,1155,6],[1158,1,1159,1],[1158,2,1159,2],[1158,3,1159,6],[1160,3,1160,6],[1163,1,1163,3],[1165,1,1165,3],[1167,1,1167,3],[1171,1,1171,3],[1174,1,1174,3],[1177,1,1177,2],[1177,3,1177,6],[1178,1,1178,2],[1178,3,1178,6],[1179,1,1179,2],[1179,3,1179,6],[1181,1,1182,1],[1181,2,1182,2],[1181,3,1182,6],[1183,3,1183,6],[1185,1,1185,3],[1187,1,1187,3],[1188,1,1188,3],[1190,1,1190,2],[1191,1,1191,3],[1193,1,1193,2],[1194,1,1194,3],[1196,1,1196,3],[1200,1,1200,3],[1202,1,1202,3],[1204,1,1204,2],[1204,3,1204,6],[1205,1,1205,2],[1205,3,1205,6],[1207,1,1208,1],[1207,2,1208,2],[1207,3,1208,6],[1209,3,1209,6],[1212,1,1212,3],[1214,1,1214,3],[1214,9,1214,11],[1215,1,1215,3],[1215,9,1215,11],[1216,1,1216,3],[1216,9,1216,11],[1217,1,1217,3],[1217,9,1217,11],[1220,1,1220,3],[1220,9,1220,11],[1221,1,1221,3],[1221,9,1221,11],[1225,1,1225,3],[1225,9,1225,11],[1226,1,1226,3],[1227,1,1227,3],[1231,1,1231,3],[1233,1,1233,3],[1235,1,1235,2],[1235,3,1235,6],[1236,1,1236,2],[1236,3,1236,6],[1238,1,1239,1],[1238,2,1239,2],[1238,3,1239,6],[1240,3,1240,6],[1242,1,1242,3],[1244,1,1244,3],[1244,9,1244,11],[1245,1,1245,3],[1245,9,1245,11],[1246,1,1246,3],[1246,9,1246,11],[1247,1,1247,3],[1247,9,1247,11],[1248,1,1248,3],[1248,9,1248,11],[1249,1,1249,3],[1249,9,1249,11],[1250,1,1250,3],[1250,9,1250,11],[1252,1,1252,3],[1252,9,1252,11],[1256,1,1256,3],[1258,1,1258,3],[1260,1,1260,3],[1267,1,1267,2],[1267,3,1267,6],[1268,1,1268,2],[1268,3,1268,6],[1270,1,1271,1],[1270,2,1271,2],[1270,3,1271,6],[1273,1,1273,3],[1275,1,1275,3],[1276,1,1276,3],[1281,1,1281,3],[1284,1,1284,3],[1292,1,1292,2],[1292,3,1292,6],[1293,1,1293,2],[1293,3,1293,6],[1296,1,1297,1],[1296,2,1297,2],[1296,3,1297,6],[1298,3,1298,6],[1300,1,1300,2],[1302,1,1302,3],[1303,1,1303,3],[1304,1,1304,3],[1306,1,1306,3],[1309,1,1309,3],[1310,1,1310,3],[1311,1,1311,3],[1314,1,1314,3],[1317,1,1317,3],[1318,1,1318,3],[1319,1,1319,3],[1320,1,1320,2],[1320,3,1320,6],[1321,1,1321,2],[1321,3,1321,6],[1323,0,1323,7],[1324,3,1324,7],[1357,3,1357,6],[1358,3,1358,6],[1359,3,1359,6],[1361,3,1361,6],[1372,3,1372,6]]}
[{"$nulls":7},{"$f":"NOW()","v":"2025-09-26T16:51:27.350"}]
{"$rows_empty":10}
[null,null,"DEBOURSÉ COMMERCIAL"]
[]
[null,null,"CALCEDOINE"]
[null,null,"P1"]
[]
[null,"Projet de construction de : "]
[null,"Sur la commune de : "]
[]
[null,"RE 2025","Validé par M. MAMER le :"]
[]
[]
[null,"PRECISER SI:"]
[]
[null," MAJ DEBOURS PROJET:"]
[]
[]
[]
[]
[]
[null,"MAJ CHIFF EXE","DATE","ENVOYE","RECU"]
{"$rows_empty":10}
[null,"Projet de construction de : ",null,{"$f":"$D$17","v":0},{"$nulls":3},{"$f":"NOW()","v":"2025-09-26T16:51:27.350"}]
[null,"Sur la commune de : ",null,{"$f":"$D$18","v":0}]
[]
[]
[null,{"$f":"$B$20","v":"RE 2025"},"Entreprise : ","TP2M"]
[]
[{"$nulls":3},"2024-01-03"]
[]
[null,"TERRASSEMENT",{"$nulls":3},"Qté","Prix ht u","Total Ht"]
[]
[]
[null,"TERRASSEMENT"]
[null,"Décapage de la terre végétale sur l'emprise de la construction (150 à 250 m² sur 20 cm)",null,null,"ft",{"v":1,"d":"1.00"},{"v":350,"d":"350.00 €"},{"$f":"G54*F54","v":{"v":350,"d":"350.00 €"}}]
[]
[]
[]
[]
[{"$nulls":6},"TOTAL HT : ",{"$f":"SUM(H52:H58)","v":{"v":350,"d":"350.00 €"}}]
[]
[]
[null,"TVA AUTO-LIQUIDEE - REGIME DE LA SOUS-TRAITANCE"]
[]
[null,"Projet de construction de : ",null,{"$f":"D17","v":0},{"$nulls":3},{"$f":"NOW()","v":"2025-09-26T16:51:27.350"}]
[null,"Sur la commune de : ",null,{"$f":"$D$43","v":0}]
[]
[]
[null,{"$f":"$B$20","v":"RE 2025"},"Entreprise : ","GARANDEAU / 3 MMM"]
[]
[]
[]
[null,"FOURNITURE PLANCHER H.",{"$nulls":3},"Qté","Prix ht u","Total Ht"]
[]
[null,"VIDE SANITAIRE"]
[null,"PLANCHER HOURDIS HAUT VS - TYPE : 12+5 EBS (BOIS) Non isolé",null,null,"m²",16.03,{"v":25.99,"d":"25.99 €"},{"$f":"SUM(F75*G75)","v":{"v":416.6197,"d":"416.62 €"}}]
[]
[null,"PLANCHER HOURDIS VS - TYPE : 12+5 EBS (BOIS)",null,null,"m²",null,{"v":25.99,"d":"25.99 €"},{"$f":"SUM(F77*G77)","v":{"v":0,"d":"0.00 €"}}]
[]
[null,"PLANCHER HOURDIS ISOLÉ VS - TYPE : 12+5 UP27 isolé",null,null,"m²",42.81,{"v":26.43,"d":"26.43 €"},{"$f":"SUM(F79*G79)","v":{"v":1131.4683,"d":"1,131.47 €"}}]
[null,"PLANCHER HOURDIS ISOLÉ VS - TYPE : 12+5 UP19 isolé",null,null,"m²",{"v":0,"d":"0.00"},{"v":25.99,"d":"25.99 €"},{"$f":"SUM(F80*G80)","v":{"v":0,"d":"0.00 €"}}]
[]
[null,"ETAGE"]
[null,"PLANCHER HOURDIS HAUT RDC - TYPE : 15+2 EBS (BOIS)",null,null,"m²",{"v":58.2,"d":"58.20"},{"v":25.6,"d":"25.60 €"},{"$f":"SUM(F83*G83)","v":{"v":1489.92,"d":"1,489.92 €"}}]
[]
[null,"Poutres de sous bassement (estimation) (sous le garage) 2,80ml",null,null,"ft",{"v":1,"d":"1.00"},{"v":178,"d":"178.00 €"},{"$f":"F85*G85","v":{"v":178,"d":"178.00 €"}},"63,30 EUROS/ML"]
[null,"Poutres pré-fa d'élévation (estimation)",null,null,"ft",{"v":0,"d":"0.00"},{"v":0,"d":"0.00 €"},{"$f":"F86*G86","v":{"v":0,"d":"0.00 €"}},"66,40 EUROS/ML"]
[]
[]
[null,"FRAIS DE LIVRAISON",null,null,"ft",{"v":0,"d":"0.00"},{"v":35,"d":"35.00 €"},{"$f":"F89*G89","v":{"v":0,"d":"0.00 €"}}]
[]
[]
[]
[{"$nulls":6},"TOTAL HT : ",{"$f":"SUM(H75:H92)","v":{"v":3216.008,"d":"3,216.01 €"}}]
[{"$nulls":6},"dont TVA 20%",{"$f":"H93*20%","v":{"v":643.2016,"d":"643.20 €"}}]
[{"$nulls":6},"TOTAL TTC",{"$f":"H93+H94","v":{"v":3859.2095999999997,"d":"3,859.21 €"}}]
[]
[null,"Projet de construction de : ",null,{"$f":"$D$17","v":0},{"$nulls":3},{"$f":"NOW()","v":"2025-09-26T16:51:27.350"}]
[null,"Sur la commune de : ",null,{"$f":"$D$18","v":0}]
[]
[]
[null,{"$f":"$B$20","v":"RE 2025"},"Entreprise : ","DA SILVA "]
[]
[{"$nulls":3},"MAJ 07/02/2023 10%"]
[]
[null,"MACONNERIE",{"$nulls":3},"Qté","Prix ht u","Total Ht"]
[]
[null,"IMPLANTATION - TERRASSEMENT"]
[null,"Implantation de la maison sur le terrain",null,null,"ft",null,{"v":163.5,"d":"163.50 €"},{"$f":"G108*F108","v":{"v":0,"d":"0.00 €"}}]
[null,"Fouilles en rigoles 50/40 compris jet de berge",null,null,"ml",null,{"v":6.11,"d":"6.11 €"},{"$f":"G109*F109","v":{"v":0,"d":"0.00 €"}}]
[null,"Fouilles en massifs 80/80/40 compris jet de berge",null,null,"u",null,{"v":87.2,"d":"87.20 €"},{"$f":"G110*F110","v":{"v":0,"d":"0.00 €"}}]
[]
[null,"FONDATIONS"]
[null,"Traitement anti termites  (home protection)",null,null,"ft",null,{"v":450,"d":"450.00"},{"$f":"G113*F113","v":{"v":0,"d":"0.00 €"}}]
[null,"Gros béton béché 25/50 type RADIER",null,null,"m²",null,{"v":45.595000000000006,"d":"45.60"},{"$f":"G114*F114","v":{"v":0,"d":"0.00 €"}}]
[null,"Béton de propreté en fond de fouilles 0,05",null,null,"m3",4.14,{"v":115.577,"d":"115.58"},{"$f":"G115*F115","v":{"v":478.48877999999996,"d":"478.49 €"}},0.025]
[null,"Provision supplémentaire  gros béton",null,null,"ens",null,{"v":1500,"d":"1,500.00 €"},{"$f":"F116*G116","v":{"v":0,"d":"0.00 €"}}]
[null,"Provision supplémentaire  gros béton",null,null,"ens",null,{"v":3000,"d":"3,000.00 €"},{"$f":"F117*G117","v":{"v":0,"d":"0.00 €"}}]
[null,"Semelles béton filantes 0,50/0,25 en béton NF EN 206-1 classe XC1, résistance C20/25 dosé à 350 Kg de ciment ",null,null,"m3",6.27,{"v":256.96000000000004,"d":"256.96"},{"$f":"G118*F118","v":{"v":1611.1392,"d":"1,611.14 €"}},"0,125*"]
[null,"Soubassement en boisseaux pour poteaux béton",null,null,"ml",null,{"v":86.32800000000002,"d":"86.33"},{"v":0,"d":"0.00 €"}]
[null,"Dé en B.A pour poteaux 70/70/25",null,null,"u",{"v":1,"d":"1.00"},{"v":134.288,"d":"134.29"},{"v":134.288,"d":"134.29 €"}]
[null,"Agglos de 0,20 hourdés au mortier de ciment (rangs + planelle)",null,null,"m²",40.09,{"v":37.345000000000006,"d":"37.35"},{"$f":"G121*F121","v":{"v":1497.1610500000004,"d":"1,497.16 €"}}]
[null,"Agglos Pleins Allégés de 0,20 hourdés au mortier de ciment (rangs + planelle)",null,null,"m²",null,62.35,{"v":0,"d":"0.00 €"}]
[null,"Poteaux raidisseurs d'angle de soubassement ",null,null,"ml",10.44,{"v":16.786,"d":"16.79"},{"v":175.24584000000002,"d":"175.25 €"}]
[null,"produit d'imperméabilisation  sur mur de soubassement (murs ext.)",null,null,"m²",33.83,{"v":17.985000000000003,"d":"17.99"},{"v":608.4325500000001,"d":"608.43 €"}]
[]
[null,"VIDE SANITAIRE"]
[null,"Pose PLANCHER HOURDIS ",null,null,"m²",{"v":61.2,"d":"61.20"},{"v":41.965,"d":"41.97"},{"$f":"SUM(F127*G127)","v":{"v":2568.2580000000003,"d":"2,568.26 €"}}]
[null,"Pose PLANCHER HOURDIS R+1",null,null,"m²",{"v":58.2,"d":"58.20"},{"v":41.965,"d":"41.97"},{"$f":"SUM(F128*G128)","v":{"v":2442.3630000000003,"d":"2,442.36 €"}}]
[null,"Pose de la  poutre B.A 20/20 ",null,null,"ml",{"v":2.8,"d":"2.80"},{"v":23.980000000000004,"d":"23.98"},{"$f":"F129*G129","v":{"v":67.144,"d":"67.14 €"}}]
[null,"Chapeau de rives (dallage solidarisé)",null,null,"ml",{"v":62.8,"d":"62.80"},{"v":12.3,"d":"12.30"},{"$f":"G130*F130","v":{"v":772.44,"d":"772.44 €"}}]
[]
[null,"DALLAGE"]
[null,"Gros remblai type calcaire 40/80  ",null,null,"ft",null,{"v":239.8,"d":"239.80"},{"$f":"G133*F133","v":{"v":0,"d":"0.00 €"}}]
[null,"Hérissonnage de pierres compactées ép. 15cm environ",null,null,"m²",null,{"v":9.834,"d":"9.83"},{"v":0,"d":"0.00 €"}]
[null,"Dalle béton armé dosé à 350kg de ciment compris treillis soudé ST25C et film polyane ép. 12 cm Norme Sismique",null,null,"m²",null,{"v":34.287000000000006,"d":"34.29"},{"v":0,"d":"0.00 €"}]
[null,"Dalle béton armé dosé à 350kg de ciment compris treillis soudé ST25C et film polyane ép. 12 cm",null,null,"m²",null,30.69,{"v":0,"d":"0.00 €"}]
[null,"Dalle béton armé dosé à 350kg de ciment compris treillis soudé ST25C et film polyane ép. 15 cm (radier) Norme Sismique",null,null,"m²",null,{"v":45.584,"d":"45.58"},{"v":0,"d":"0.00 €"}]
[null,"Chapeau de rives (dallage solidarisé)",null,null,"ml",null,{"v":12.3,"d":"12.30"},{"$f":"G138*F138","v":{"v":0,"d":"0.00 €"}}]
[null,"Coupure de capillarité à la base des murs",null,null,"ml",32.86,{"v":3.355,"d":"3.36"},{"v":110.2453,"d":"110.25 €"}]
[null,"Coffrage et décoffrage de la plate-forme en BA (radier)",null,null,"ml",null,{"v":35.61800000000001,"d":"35.62"},{"v":0,"d":"0.00 €"}]
[]
[null,"TERRASSE"]
[null,"Hérissonnage de pierres compactées ép. 15cm environ",null,null,"m²",{"v":0,"d":"0.00"},{"v":9.834,"d":"9.83"},{"$f":"G143*F143","v":{"v":0,"d":"0.00 €"}}]
[null,"réalisation d'une terrasse en béton lavé, compris fondation, dalle, main d'œuvre,coffrage et décoffrage.",null,null,"m²",{"v":0,"d":"0.00"},{"v":71.94000000000001,"d":"71.94"},{"$f":"G144*F144","v":{"v":0,"d":"0.00 €"}}]
[]
[null,"EU ET EV SOUS LA FORME"]
[null,"Tuyaux Ø100 en PVC sortie à 1m de la construction compris r+1 et descentes+VB Cheminée+PAC+Event fosse",null,null,"ml",null,{"v":16.808,"d":"16.81"},{"$f":"G147*F147","v":{"v":0,"d":"0.00 €"}}]
[null,"Tuyaux Ø100 en PVC entre étage et rdc",null,null,"ml",{"v":0,"d":"0.00"},{"v":16.808,"d":"16.81"},{"$f":"G148*F148","v":{"v":0,"d":"0.00 €"}}]
[null,"Coudes PVC 100 mm",null,null,"u",null,{"v":16.808,"d":"16.81"},{"$f":"F149*G149","v":{"v":0,"d":"0.00 €"}}]
[null,"Gaine alimentation regard EDF (Ø90), PTT (2xØ45), Sonnette (Ø45)",null,null,"ft",{"v":1,"d":"1.00"},{"v":107.80000000000001,"d":"107.80"},{"$f":"G150*F150","v":{"v":107.80000000000001,"d":"107.80 €"}}]
[null,"Gaine TPC 90 pour passage chauffage",null,null,"ft",{"v":1,"d":"1.00"},{"v":107.80000000000001,"d":"107.80"},{"$f":"G151*F151","v":{"v":107.80000000000001,"d":"107.80 €"}}]
[null,"Gaine alimentation eau générale à la PAC",null,null,"ft",{"v":1,"d":"1.00"},{"v":107.80000000000001,"d":"107.80"},{"$f":"G152*F152","v":{"v":107.80000000000001,"d":"107.80 €"}}]
[null,"Regard EDF + Réhausse",null,null,"ft",{"v":1,"d":"1.00"},59.95,{"$f":"G153*F153","v":{"v":59.95,"d":"59.95 €"}}]
[null,"Regard PAC + Réhausse",null,null,"ft",{"v":1,"d":"1.00"},{"v":89.92500000000001,"d":"89.93"},{"$f":"G154*F154","v":{"v":89.92500000000001,"d":"89.93 €"}}]
[]
[null,"ELEVATION "]
[null,"Elévation en briques CALIBRIC 1ONE à joints minces de 0,20 collées                   R=1,09 m²/k/w ",null,null,"m²",69.27,{"v":47,"d":"47.00"},{"$f":"G157*F157","v":{"v":3255.6899999999996,"d":"3,255.69 €"}}]
[null,"Elévation en briques CALIBRIC 1ONE à joints minces de 0,20 collées                   R=1,09 m²/k/w ",null,null,"m²",99.81,{"v":47,"d":"47.00"},{"$f":"G158*F158","v":{"v":4691.07,"d":"4,691.07 €"}}]
[null,"Elévation en agglos pleins  de 0,20 collés (partie sous sol et cage d'escalier)  R=?  m²/k/w",null,null,"m²",{"v":0,"d":"0.00"},{"v":43.16400000000001,"d":"43.16"},{"v":0,"d":"0.00 €"},"32,58ml*2,97=96,80-3,89"]
[null,"Acrotères en agglo",null,null,"m²",null,{"v":41.36000000000001,"d":"41.36"},{"v":0,"d":"0.00 €"}]
[null,"Acrotères en agglo bloc à bancher en BA",null,null,"m²",null,83.93,{"v":0,"d":"0.00 €"}]
[null,"Pose des coffres linteaux",null,null,"u",{"v":6,"d":"6.00"},{"v":32.7,"d":"32.70"},{"v":196.20000000000002,"d":"196.20 €"}]
[null,"F et Pose de pavés de verre",null,null,"ft",null,{"v":504.90000000000003,"d":"504.90"},{"v":0,"d":"0.00 €"}]
[]
[]
[null,"BETON ARMÉ"]
[null,"Chainages horizontaux périphériques compris coffrage et ferraillage section 20/20 ",null,null,"ml",33.82,16.17,{"$f":"G167*F167","v":{"v":546.8694,"d":"546.87 €"}},33.82]
[null,"Chainages verticaux toutes hauteurs compris coffrage et ferraillage section 20/20 RDC",null,null,"ml",24.93,16.17,{"v":403.1181,"d":"403.12 €"}]
[null,"Chainages verticaux toutes hauteurs compris coffrage et ferraillage section 20/20 R+1",null,null,"ml",21.48,16.17,{"$f":"G169*F169","v":{"v":347.33160000000004,"d":"347.33 €"}}]
[null,"Chainages horizontaux périphériques compris coffrage et ferraillage section 20/20 (acrotère)",null,null,"ml",null,{"v":16.786,"d":"16.79"},{"v":0,"d":"0.00 €"}]
[null,"Chainages d'acrotères verticaux toutes hauteurs compris coffrage et ferraillage section 20/20",null,null,"ml",null,{"v":16.786,"d":"16.79"},{"v":0,"d":"0.00 €"}]
[null,"Jambages béton pour murs de 0,20",null,null,"ml",null,{"v":8.338000000000001,"d":"8.34"},{"v":0,"d":"0.00 €"}]
[null,"Poteaux raidisseurs coffré d'élévation (Porte d'entrée, baies, portes de garage, les 2 grands chassis, portes pannes)",null,null,"ml",null,{"v":26.950000000000003,"d":"26.95"},{"v":0,"d":"0.00 €"}]
[null,"Encadrement de fenêtre bloc U sous appuis et en linteau",null,null,"ml",null,{"v":16.786,"d":"16.79"},{"v":0,"d":"0.00 €"}]
[]
[null,"Linteaux droits en béton armé compris coffrage et ferraillage compris  toutes sujétions section 20/20 s VS",null,null,"ml",{"v":2.4,"d":"2.40"},38.06,{"$f":"G176*F176","v":{"v":91.34400000000001,"d":"91.34 €"}}]
[null,"Linteaux droits en béton armé compris coffrage et ferraillage compris  toutes sujétions section 20/20 ",null,null,"ml",{"v":10.4,"d":"10.40"},38.06,{"$f":"G177*F177","v":{"v":395.824,"d":"395.82 €"}}]
[null,"Linteaux droits en béton armé compris coffrage et ferraillage compris  toutes sujétions section 20/20 ",null,null,"ml",{"v":5.2,"d":"5.20"},38.06,{"v":197.912,"d":"197.91 €"}]
[null,"Réalisation de poutre B.A 20/40 ",null,null,"ml",{"v":7,"d":"7.00"},{"v":74.69000000000001,"d":"74.69"},{"v":522.83,"d":"522.83 €"}]
[null,"Chainage rampant - Arase des pignons ",null,null,"ml",23.73,{"v":6.952000000000001,"d":"6.95"},{"v":164.97096000000002,"d":"164.97 €"}]
[null,"Fourniture et pose de poteaux carré 20*20 à enduire",null,null,"ml",{"v":2.5,"d":"2.50"},{"v":86.35000000000001,"d":"86.35"},{"v":215.87500000000003,"d":"215.88 €"}]
[null,"Réalisation d'une plate forme pour PAC en béton coulé",null,null,"ft",null,{"v":163.5,"d":"163.50"},{"v":0,"d":"0.00 €"}]
[null,"Réalisation d'une trappe d'accés pour vide sanitaire",null,null,"ft",{"v":0,"d":"0.00"},{"v":179.85000000000002,"d":"179.85"},{"v":0,"d":"0.00 €"}]
[null,"Coffrage pour hublot",null,null,"ft",null,{"v":179.85000000000002,"d":"179.85"},{"v":0,"d":"0.00 €"}]
[null,"Sommier /porte pannes 40*20*40 ht    (11u) ",null,null,"ft",{"v":0,"d":"0.00"},{"v":916.3000000000001,"d":"916.30"},{"v":0,"d":"0.00 €"}]
[null,"Escalier B.A de 1 marche et 1 contre marche finition brute pour Hall d'entrée ",null,null,"u",null,{"v":418.00000000000006,"d":"418.00"},{"v":0,"d":"0.00 €"}]
[null,"Escalier B.A de 2 marches et 3 contre marches finition brute (séjour, hall/Auvent)",null,null,"ft",null,{"v":959.2,"d":"959.20"},{"v":0,"d":"0.00 €"}]
[null,"Escalier B.A marches droites et marches balancées compris coffrage et ferraillage",null,null,"ft",null,{"v":1918.4,"d":"1918.40"},{"v":0,"d":"0.00 €"}]
[null,"Casquette suspendue en B.A pour porche (3,30 m x 0,80 m) compris coffrage et ferraillage et goutte d'eau sur les bords extérieurs,  finition béton lissé prêt à peindre ",null,null,"ft",null,{"v":1320,"d":"1320.00"},{"v":0,"d":"0.00 €"}]
[]
[null,"APPUIS DE GARNISSAGE  ET FINITION"]
[null,"Appuis en pierre reconstituée compris goutte d'eau et rejingot",null,null,"ml",{"v":5.3,"d":"5.30"},64.79,{"$f":"G192*F192","v":{"v":343.387,"d":"343.39 €"}}]
[null,"Seuil en pierre reconstituée",null,null,"ml",{"v":4.8,"d":"4.80"},93.61,{"$f":"G193*F193","v":{"v":449.328,"d":"449.33 €"}}]
[null,"Complément en béton pour pose des baies et portes ",null,null,"ml",{"v":4.8,"d":"4.80"},{"v":30,"d":"30.00"},{"$f":"G194*F194","v":{"v":144,"d":"144.00 €"}}]
[null,"Seuil en béton lissé bouchardé arrête arrondie tirée au fer pour porte de garage",null,null,"ml",{"v":2.4,"d":"2.40"},{"v":33,"d":"33.00"},{"$f":"G195*F195","v":{"v":79.2,"d":"79.20 €"}}]
[]
[null,"T de ventilation pour VIDE SANITAIRE ou SOUS SOL compris grille",null,null,"u",{"v":4,"d":"4.00"},{"v":35,"d":"35.00 €"},{"$f":"SUM(G197*F197)","v":{"v":140,"d":"140.00 €"}}]
[]
[null,"Gestion recyclage des déchets",null,null,"ft",{"v":0,"d":"0.00"},{"v":150,"d":"150.00"},{"$f":"G199*F199","v":{"v":0,"d":"0.00 €"}}]
[]
[{"$nulls":6},"TOTAL HT : ",{"$f":"SUM(H108:H200)","v":{"v":23123.430780000002,"d":"23,123.43 €"}}]
[]
[]
[null,"TVA AUTO-LIQUIDEE - REGIME DE LA SOUS-TRAITANCE"]
[]
[]
[null,"Projet de construction de : ",null,{"$f":"$D$97","v":0},{"$nulls":3},{"$f":"NOW()","v":"2025-09-26T16:51:27.350"}]
[null,"Sur la commune de : ",null,{"$f":"$D$98","v":0}]
[]
[]
[null,{"$f":"$B$20","v":"RE 2025"},"Entreprise : ","SOFAMAC CHARENTE OU DE OLIVEIRA"]
[]
[null,null,"Teinte choisie : "]
[]
[]
[null,"RAVALEMENT",{"$nulls":3},"Qté","Prix ht u","Total Ht"]
[]
[null,"Enduit extérieur monocouche finition gratté fin",null,null,"m²",201.11,{"v":25,"d":"25.00 €"},{"$f":"G218*F218","v":{"v":5027.75,"d":"5,027.75 €"}}]
[]
[null,"Enduit monocouche taloché fin sur linteau et tableau",null,null,"ml",null,{"v":13,"d":"13.00 €"},{"$f":"G220*F220","v":{"v":0,"d":"0.00 €"}}]
[]
[]
[null,"Pose Barre garde-corps ",null,null,"u",{"v":2,"d":"2.00"},{"v":30,"d":"30.00 €"},{"$f":"G223*F223","v":{"v":60,"d":"60.00 €"}}]
[]
[null,"Pose grille de défense",null,null,"u",{"v":1,"d":"1.00"},{"v":15,"d":"15.00 €"},{"$f":"G225*F225","v":{"v":15,"d":"15.00 €"}}]
[]
[]
[]
[]
[{"$nulls":6},"TOTAL HT : ",{"$f":"SUM(H218:H228)","v":{"v":5102.75,"d":"5,102.75 €"}}]
[{"$nulls":8}," "]
[]
[null,"TVA AUTO-LIQUIDEE - REGIME DE LA SOUS-TRAITANCE"]
[]
[]
[null,"Projet de construction de : ",null,{"$f":"D17","v":0},{"$nulls":3},{"$f":"NOW()","v":"2025-09-26T16:51:27.350"}]
[null,"Sur la commune de : ",null,{"$f":"$D$43","v":0}]
[]
[]
[null,{"$f":"$B$20","v":"RE 2025"},"Entreprise : "," THOMAS /  LESPINASSE"]
[]
[]
[]
[null,"CONSTRUCTION METALLIQUE",{"$nulls":3},"Qté","Prix ht u","Total Ht"]
[]
[]
[null,"DIVERS"]
[null,"Fourniture Barre garde-corps ",null,null,"u",{"v":2,"d":"2.00"},{"v":35,"d":"35.00 €"},{"$f":"G248*F248","v":{"v":70,"d":"70.00 €"}}]
[null,"Fourniture grille de défense ",null,null,"u",{"v":1,"d":"1.00"},{"v":110,"d":"110.00 €"},{"$f":"G249*F249","v":{"v":110,"d":"110.00 €"}}]
[]
[]
[{"$nulls":6},"TOTAL HT : ",{"$f":"SUM(H246:H250)","v":{"v":180,"d":"180.00 €"}}]
[]
[null,"TVA AUTO-LIQUIDEE - REGIME DE LA SOUS-TRAITANCE"]
[]
[]
[null,"Projet de construction de : ",null,{"$f":"$D$97","v":0},{"$nulls":3},{"$f":"NOW()","v":"2025-09-26T16:51:27.350"}]
[null,"Sur la commune de : ",null,{"$f":"$D$98","v":0}]
[]
[null,{"$f":"$B$20","v":"RE 2025"},"Entreprise : ","CIAL / COUPRIE"]
[]
[]
[null,"CHARPENTE - PENTE 30%",{"$nulls":3},"Qté","Prix ht u","Total Ht"]
[]
[]
[null,"ENSEMBLE CHARPENTE",null,null,"ft",{"v":1,"d":"1.00"},{"v":888.99,"d":"888.99 €"},{"$f":"F266*G266","v":{"v":888.99,"d":"888.99 €"}}]
[null,"13 Fermettes de 8,50  2 pentes + qdv"]
[null,"monopente de 1,21 +qdv"]
[]
[]
[null,"CONTREVENTEMENT"]
[null,"Antiflambage 25*100 brut "]
[null,"Contreventement 25*75 brut"]
[null,"Entretoise sapin  36*97 brut"]
[]
[null,"QUINCAILLERIE"]
[null,"Equerre nervurée AT1"]
[null,"Goujons Ancrage "]
[]
[null,"ACCESSOIRES DEBORDS PIGNON"]
[]
[]
[null,"Système sismique"]
[]
[]
[null,"Transport",null,null,"ft",{"v":1,"d":"1.00"},{"v":175,"d":"175.00 €"},{"$f":"G286*F286","v":{"v":175,"d":"175.00 €"}}]
[]
[]
[]
[]
[{"$nulls":6},"TOTAL HT : ",{"$f":"SUM(H265:H289)","v":{"v":1063.99,"d":"1,063.99 €"}}]
[{"$nulls":6},"dont TVA 20%",{"$f":"H291*20%","v":{"v":212.798,"d":"212.80 €"}}]
[{"$nulls":6},"TOTAL TTC",{"$f":"H291+H292","v":{"v":1276.788,"d":"1,276.79 €"}}]
[null,"Projet de construction de : ",null,{"$f":"$D$97","v":0},{"$nulls":3},{"$f":"NOW()","v":"2025-09-26T16:51:27.350"}]
[null,"Sur la commune de : ",null,{"$f":"$D$98","v":0}]
[]
[]
[null,{"$f":"$B$20","v":"RE 2025"},"Entreprise : ","BELAUD PRESTIGE OU FERRE"]
[]
[{"$nulls":3},"MAJ 30/11/2022"]
[]
[null,"CHARPENTE - POSE",{"$nulls":3},"Qté","Prix ht u","Total Ht"]
[]
[null,"Pente 30 %"]
[]
[null,"Pose de fermette monopente",null,null,"u",{"v":6,"d":"6.00"},{"v":24.83,"d":"24.83 €"},{"$f":"G306*F306","v":{"v":148.98,"d":"148.98 €"}}]
[null,"Pose de fermettes <10ml",null,null,"u",{"v":13,"d":"13.00"},{"v":30.58,"d":"30.58 €"},{"v":397.53999999999996,"d":"397.54 €"}]
[null,"Pose d'échelle de pignons  de 0,30m inf ou égale",null,null,"ml",null,{"v":5.72,"d":"5.72 €"},{"v":0,"d":"0.00 €"}]
[null,"Pose d'anti flambage, contreventement et étrésillon pour fermettes ",null,null,"m3",null,{"v":420.68,"d":"420.68 €"},{"v":0,"d":"0.00 €"}]
[null,"Pose fenêtre de toit velux sans chevetre ou puit de lumière (voir dans couverture pour eviter les doublons)",null,null,"u",{"v":0,"d":"0.00"},{"v":180,"d":"180.00 €"},{"v":0,"d":"0.00 €"}]
[]
[null,"Fourniture et pose Planche de rive et Lambris  "]
[null,"Planche de rives PVC ",null,null,"ml",{"v":18,"d":"18.00"},{"v":15.8,"d":"15.80 €"},{"$f":"G313*F313","v":{"v":284.40000000000003,"d":"284.40 €"}}]
[]
[null,"Débords de toits en lambris PVC ou BOIS",null,null,"m²",1.76,{"v":27.86,"d":"27.86 €"},{"$f":"G315*F315","v":{"v":49.0336,"d":"49.03 €"}}]
[null,"Lambris PVC sur chevrons (débords de toit…)",null,null,"m²",null,{"v":29.5,"d":"29.50 €"},{"v":0,"d":"0.00 €"}]
[]
[]
[]
[]
[{"$nulls":6},"TOTAL HT : ",{"$f":"SUM(H305:H319)","v":{"v":879.9536,"d":"879.95 €"}}]
[]
[null,"TVA AUTO-LIQUIDEE - REGIME DE LA SOUS-TRAITANCE"]
[]
[]
[null,"Projet de construction de : ",null,{"$f":"D17","v":0},{"$nulls":3},{"$f":"NOW()","v":"2025-09-26T16:51:27.350"}]
[null,"Sur la commune de : ",null,{"$f":"D18","v":0}]
[]
[]
[null,{"$f":"$B$20","v":"RE 2025"},"Entreprise : ","ROCHARD/DACHARY"]
[]
[]
[]
[null,"ESCALIER BOIS",{"$nulls":3},"Qté","Prix ht u","Total Ht"]
[]
[null,"normes PMR: giron supp 240 ht de marche inf à 180"]
[null,"Fourniture et pose d' escalier prêt à vernir,gamme soft, essence sapin 1/4 tournant  avec contre marches,  trémie à l'equerre encloisonné +avec une main courante",null,null,"ft",{"v":1,"d":"1.00"},{"v":2460,"d":"2,460.00 €"},{"$f":"F337*G337","v":{"v":2460,"d":"2,460.00 €"}}]
[null,"Escalier autoporteur, posé sur résilient phonique"]
[null,"normes PMR: giron supp 240 ht de marche inf à 180"]
[]
[]
[null,"Pose de l'escalier (EUROPOSE)",null,null,"ft",{"v":1,"d":"1.00"},{"v":250,"d":"250.00 €"},{"$f":"G342*F342","v":{"v":250,"d":"250.00 €"}}]
[]
[{"$nulls":6},"TOTAL HT : ",{"$f":"SUM(H337:H343)","v":{"v":2710,"d":"2,710.00 €"}}]
[]
[]
[null,"TVA AUTO-LIQUIDEE - REGIME DE LA SOUS-TRAITANCE"]
[]
[null,"Projet de construction de : ",null,{"$f":"$D$17","v":0},{"$nulls":3},{"$f":"NOW()","v":"2025-09-26T16:51:27.350"}]
[null,"Sur la commune de : ",null,{"$f":"$D$18","v":0}]
[]
[null,{"$f":"$B$20","v":"RE 2025"},"Entreprise : ","BELAUD PRESTIGE / FERRE"]
[]
[null,null,"Teinte choisie : "]
[{"$nulls":3},"MAJ 30/11/2022"]
[null,"COUVERTURE - Fourniture et pose",{"$nulls":3},"Qté","Prix ht u","Total Ht"]
[]
[null,"Tuiles ROMANE EVOLUTION compris liteau de couverture 32/32 BELAUD",null,null,"m²",{"v":83.2,"d":"83.20"},{"v":35,"d":"35.00 €"},{"$f":"G358*F358","v":{"v":2912,"d":"2,912.00 €"}}]
[]
[null,"Tuiles faîtières + arêtier",null,null,"ml",7.32,{"v":30.4,"d":"30.40 €"},{"$f":"G360*F360","v":{"v":222.528,"d":"222.53 €"}}]
[]
[null,"Tuiles de rives à rabats",null,null,"ml",24.49,{"v":22.6,"d":"22.60 €"},{"$f":"G362*F362","v":{"v":553.474,"d":"553.47 €"}}]
[]
[null,"Tuile à douille Ø150 ",null,null,"u",null,{"v":85.5,"d":"85.50 €"},{"$f":"G364*F364","v":{"v":0,"d":"0.00 €"}}]
[null,"Tuile à douille VENTELIA ou LAHERA Ø160  pour VMC",null,null,"u",{"v":1,"d":"1.00"},{"v":130,"d":"130.00 €"},{"$f":"G365*F365","v":{"v":130,"d":"130.00 €"}}]
[]
[null,"Solin zinc et ciment",null,null,"ml",3.24,{"v":33.46,"d":"33.46 €"},{"$f":"G367*F367","v":{"v":108.41040000000001,"d":"108.41 €"}}]
[]
[]
[null,"Ecran de sous toiture type delta vitaxx de chez DORKEN compris contre liteaunage",null,null,"m²",{"v":0,"d":"0.00"},{"v":8.5,"d":"8.50 €"},{"$f":"G370*F370","v":{"v":0,"d":"0.00 €"}}]
[]
[]
[]
[]
[{"$nulls":6},"TOTAL HT : ",{"$f":"SUM(H358:H374)","v":{"v":3926.4124,"d":"3,926.41 €"}}]
[]
[null,"TVA AUTO-LIQUIDEE - REGIME DE LA SOUS-TRAITANCE"]
[]
[null,"Projet de construction de : ",null,{"$f":"$D$97","v":0},{"$nulls":3},{"$f":"NOW()","v":"2025-09-26T16:51:27.350"}]
[null,"Sur la commune de : ",null,{"$f":"$D$98","v":0}]
[]
[]
[null,{"$f":"$B$20","v":"RE 2025"},"Entreprise : ","ARLC MOUNIER"]
[]
[null,null,"Teinte choisie : "]
[{"$nulls":3},"MAJ TARIF A PARTIR DE JANVIER 2024 (14,85 au lieu de 13,50)"]
[null,"Pour memoire ral 7011 équivalent 7012, le ral 7039 ne se fait pas "]
[null,"ZINGUERIE - DESCENTES",{"$nulls":3},"Qté","Prix ht u","Total Ht"]
[]
[null,"Tuyaux de descentes alu forme ronde ou rectangulaire compris coudes",null,null,"ml",{"v":14.2,"d":"14.20"},{"v":14.85,"d":"14.85 €"},{"$f":"G390*F390","v":{"v":210.86999999999998,"d":"210.87 €"}}]
[]
[null,"Gouttières alu forme demi ronde ou corniche compris crochets, naissances, fond de gouttière…",null,null,"ml",{"v":18,"d":"18.00"},{"v":14.85,"d":"14.85 €"},{"$f":"G392*F392","v":{"v":267.3,"d":"267.30 €"}}]
[]
[]
[]
[]
[{"$nulls":6},"TOTAL HT : ",{"$f":"SUM(H390:H395)","v":{"v":478.16999999999996,"d":"478.17 €"}}]
[]
[]
[null,"TVA AUTO-LIQUIDEE - REGIME DE LA SOUS-TRAITANCE"]
[]
[]
[]
[null,"Projet de construction de : ",null,{"$f":"$D$97","v":0},{"$nulls":3},{"$f":"NOW()","v":"2025-09-26T16:51:27.350"}]
[null,"Sur la commune de : ",null,{"$f":"$D$98","v":0}]
[]
[]
[null,{"$f":"$B$20","v":"RE 2025"},"Entreprise : ","BATI STY'L / FALCO"]
[]
[null,null,"Teinte choisie : ","BLANC tapée de 160"]
[]
[]
[]
[]
[null,"MENUISERIES EXTERIEURES - FOURNITURE",{"$nulls":3},"Qté","Prix ht u","Total Ht"]
[]
[null,"Porte d'entrée"]
[null," L90xH215 en Acier Modèle BLAVET (GERVAIS) RAL 7016 /7039/7012 (idem couleur sur les 2 faces)",null,null,"u",{"v":1,"d":"1.00"},{"v":856.26,"d":"856.26 €"},{"$f":"F418*G418","v":{"v":856.26,"d":"856.26 €"}}]
[]
[]
[]
[null,"Menuiseries PVC "]
[null,"Chassis 1 vantail 60*95,  PIXA SP10",null,null,"u",{"v":1,"d":"1.00"},{"v":214.44,"d":"214.44 €"},{"$f":"G423*F423","v":{"v":214.44,"d":"214.44 €"}}]
[null,"Chassis 2 vantaux 120/105 compris VRE",null,null,"u",{"v":1,"d":"1.00"},{"v":760.24,"d":"760.24 €"},{"v":760.24,"d":"760.24 €"}]
[null,"Chassis 2 vantaux 100/125 compris VRE",null,null,"u",{"v":2,"d":"2.00"},{"v":775.29,"d":"775.29 €"},{"$f":"G425*F425","v":{"v":1550.58,"d":"1,550.58 €"}}]
[null,"Porte vitrée PVC 100*215 avec Volet roulant intégré lame alu ",null,null,"u",{"v":1,"d":"1.00"},{"v":859.57,"d":"859.57 €"},{"v":859.57,"d":"859.57 €"}]
[]
[null,"Menuiseries ALU "]
[]
[null,"Baie coulissante 180*215 - 2 vantaux 2 rails dormant 140mm, seuil encastré",null,null,"u",{"v":1,"d":"1.00"},{"v":1582.12,"d":"1,582.12 €"},{"$f":"G430*F430","v":{"v":1582.12,"d":"1,582.12 €"}}]
[null,"Baie coulissante 210*215 - 2 vantaux 2 rails dormant 140mm, seuil encastré",null,null,"u",{"v":1,"d":"1.00"},{"v":1693.63,"d":"1,693.63 €"},{"$f":"G431*F431","v":{"v":1693.63,"d":"1,693.63 €"}}]
[]
[null,"Demi coffre Volets roulants"]
[null,100,null,null,"u",{"v":1,"d":"1.00"},{"v":83.25,"d":"83.25 €"},{"$f":"G434*F434","v":{"v":83.25,"d":"83.25 €"}}]
[null,105,null,null,"u",{"v":1,"d":"1.00"},{"v":92.25,"d":"92.25 €"},{"$f":"G435*F435","v":{"v":92.25,"d":"92.25 €"}}]
[null,125,null,null,"u",{"v":2,"d":"2.00"},{"v":100.41,"d":"100.41 €"},{"v":200.82,"d":"200.82 €"}]
[null,180,null,null,"u",{"v":1,"d":"1.00"},{"v":125.55,"d":"125.55 €"},{"v":125.55,"d":"125.55 €"}]
[null,210,null,null,"u",{"v":1,"d":"1.00"},{"v":138.6,"d":"138.60 €"},{"v":138.6,"d":"138.60 €"}]
[]
[null,"Centralisation VRE (à télécommande murale)"]
[null,"VOIR PIEUVRE ELECTRIQUE"]
[]
[null,"Porte de Garage"]
[null,"Porte de garage 237,5/212,5 Acier basculante HORMANN modéle BERRY à trajectoire débordante. 9016",null,null,"u",{"v":1,"d":"1.00"},{"v":293.02,"d":"293.02 €"},{"$f":"G444*F444","v":{"v":293.02,"d":"293.02 €"}}]
[]
[null,"eco contribution",null,null,"u",{"v":1,"d":"1.00"},{"v":35.45,"d":"35.45 €"},{"$f":"G446*F446","v":{"v":35.45,"d":"35.45 €"}}]
[]
[]
[{"$nulls":6},"TOTAL HT : ",{"$f":"SUM(H417:H448)","v":{"v":8485.78,"d":"8,485.78 €"}}]
[{"$nulls":6},"dont TVA 20%",{"$f":"H449*20%","v":{"v":1697.1560000000002,"d":"1,697.16 €"}}]
[{"$nulls":6},"TOTAL TTC",{"$f":"SUM(H449:H450)","v":{"v":10182.936000000002,"d":"10,182.94 €"}}]
[]
[null,"Projet de construction de : ",null,{"$f":"$D$97","v":0},{"$nulls":3},{"$f":"NOW()","v":"2025-09-26T16:51:27.350"}]
[null,"Sur la commune de : ",null,{"$f":"$D$98","v":0}]
[]
[]
[null,{"$f":"$B$20","v":"RE 2025"},"Entreprise : ","GARANDEAU / CASEO / PARTEDIS"]
[]
[{"$nulls":3},"MAJ 03/01/2024"]
[]
[null,"MENUISERIES INTERIEURES FOURNITURE",{"$nulls":3},"Qté","Prix ht u","Total Ht"]
[]
[null,"tarif CASEO Gamme Caséo Perform"]
[null,"Bloc porte et porte intérieure ALV Modèle PLANE avec âme alvéolaire dormant avec panneau lisse, joint acoustique et thermique NEOLYS (pré peinte)"]
[null,"83/204 ",null,null,"u",{"v":0,"d":"0.00"},{"v":90.44,"d":"90.44 €"},{"$f":"G465*F465","v":{"v":0,"d":"0.00 €"}}]
[]
[null,"Bloc porte et porte isolante Rigitherm PLANE Dormant de 140 mm Crémone 3 points avec barillet et joint balai (pré peinte)"]
[null,"83/204",null,null,"u",{"v":0,"d":"0.00"},{"v":422,"d":"422.00 €"},{"$f":"G468*F468","v":{"v":0,"d":"0.00 €"}}]
[null,"Serrure complémentaire bec de canne condamnation axe 50",null,null,"u",{"v":0,"d":"0.00"},{"v":4.39,"d":"4.39 €"},{"$f":"G469*F469","v":{"v":0,"d":"0.00 €"}}]
[]
[null,"TARIF CASEO"]
[]
[null,"Bloc porte et porte intérieure Gravée GRAPHIK Ketch avec âme alvéolaire à recouvrement huisserie neolys "]
[null,"83/204 ",null,null,"u",{"v":6,"d":"6.00"},{"v":120,"d":"120.00 €"},{"$f":"G474*F474","v":{"v":720,"d":"720.00 €"}}]
[]
[null,"Bloc porte et porte isolante Gravée GRAPHIK  Ketch Crémone 3 points avec barillet et joint balai à recouvrement huisserie neolys "]
[null,"83/204",null,null,"u",{"v":1,"d":"1.00"},{"v":383.08,"d":"383.08 €"},{"$f":"G477*F477","v":{"v":383.08,"d":"383.08 €"}}]
[]
[null,"Fourniture Poignées  (caseo)",{"$nulls":3},"Qté","Prix ht u","Total Ht"]
[]
[null,"Fourniture  poignées à clés L (chambre)",null,null,"u",{"v":3,"d":"3.00"},{"v":11.13,"d":"11.13 €"},{"$f":"G481*F481","v":{"v":33.39,"d":"33.39 €"}}]
[null,"Fourniture  poignées à clés  I (t isolante)",null,null,"u",{"v":1,"d":"1.00"},{"v":20.13,"d":"20.13 €"},{"$f":"G482*F482","v":{"v":20.13,"d":"20.13 €"}}]
[null,"Fourniture  poignées à clés  I à condamnation (serrure comprise)",null,null,"u",{"v":3,"d":"3.00"},{"v":30.14,"d":"30.14 €"},{"$f":"G483*F483","v":{"v":90.42,"d":"90.42 €"}}]
[]
[]
[]
[]
[]
[{"$nulls":6},"TOTAL HT : ",{"$f":"SUM(H463:H483)","v":{"v":1247.0200000000002,"d":"1,247.02 €"}}]
[{"$nulls":6},"dont TVA 20%",{"$f":"H489*20%","v":{"v":249.40400000000005,"d":"249.40 €"}}]
[{"$nulls":6},"TOTAL TTC",{"$f":"H489+H490","v":{"v":1496.4240000000002,"d":"1,496.42 €"}}]
[]
[null,"Projet de construction de : ",null,{"$f":"$D$97","v":0},{"$nulls":3},{"$f":"NOW()","v":"2025-09-26T16:51:27.350"}]
[null,"Sur la commune de : ",null,{"$f":"$D$98","v":0}]
[]
[null,{"$f":"$B$20","v":"RE 2025"},"Entreprise : ","QUALIPOSE / EUROPOSE / B2TECH"]
[]
[null,null,"Coloris : "]
[{"$nulls":3},"MAJ TARIF 27/02/2025"]
[null,"MENUISERIES EXTERIEURES - POSE",{"$nulls":3},"Qté","Prix ht u","Total Ht"]
[]
[null,"Porte d'entrée"]
[null,"90/215",null,null,"u",{"v":1,"d":"1.00"},{"v":83,"d":"83.00 €"},{"$f":"G503*F503","v":{"v":83,"d":"83.00 €"}}]
[]
[null,"Porte de service et garage"]
[null,"Porte de garage 237,5/212,5 basculante métallique",null,null,"u",{"v":1,"d":"1.00"},{"v":100,"d":"100.00 €"},{"$f":"G506*F506","v":{"v":100,"d":"100.00 €"}}]
[]
[null,"Pose Menuiseries PVC "]
[null,"Châssis",null,null,"u",{"v":1,"d":"1.00"},{"v":40,"d":"40.00 €"},{"$f":"G509*F509","v":{"v":40,"d":"40.00 €"}}]
[null,"Fenêtre 2 vantaux",null,null,"u",{"v":3,"d":"3.00"},{"v":48,"d":"48.00 €"},{"v":144,"d":"144.00 €"}]
[null,"Porte-fenêtre 1 vantail",null,null,"u",{"v":1,"d":"1.00"},{"v":60,"d":"60.00 €"},{"v":60,"d":"60.00 €"}]
[null,"Baie vitrée",null,null,"u",{"v":2,"d":"2.00"},{"v":100,"d":"100.00 €"},{"v":200,"d":"200.00 €"}]
[]
[null,"Pose des sous faces et coulisses pour les volets roulants",null,null,"u",{"v":6,"d":"6.00"},{"v":30,"d":"30.00 €"},{"$f":"G514*F514","v":{"v":180,"d":"180.00 €"}}]
[null,"Joints d'étanchéité Compribande ",null,null,"ml",{"v":45.4,"d":"45.40"},{"v":1.15,"d":"1.15 €"},{"v":52.209999999999994,"d":"52.21 €"}]
[]
[null,"MENUISERIES INTERIEURES - POSE",{"$nulls":3},"Qté","Prix ht u","Total Ht"]
[]
[null,"Ajustage des portes intérieures ",null,null,"u",{"v":7,"d":"7.00"},{"v":24,"d":"24.00 €"},{"$f":"G519*F519","v":{"v":168,"d":"168.00 €"}}]
[null,"pose poignées à clés L ",null,null,"u",{"v":3,"d":"3.00"},{"v":27.76,"d":"27.76 €"},{"$f":"G520*F520","v":{"v":83.28,"d":"83.28 €"}}]
[null,"pose poignées à clés  I",null,null,"u",{"v":1,"d":"1.00"},{"v":27.91,"d":"27.91 €"},{"$f":"G521*F521","v":{"v":27.91,"d":"27.91 €"}}]
[null,"pose poignées à condamnation",null,null,"u",{"v":3,"d":"3.00"},{"v":34.52,"d":"34.52 €"},{"$f":"G522*F522","v":{"v":103.56,"d":"103.56 €"}}]
[null,"F et pose d'un cylindre pour la porte isolante 3 points",null,null,"u",{"v":1,"d":"1.00"},{"v":13.27,"d":"13.27 €"},{"$f":"G523*F523","v":{"v":13.27,"d":"13.27 €"}}]
[]
[]
[]
[]
[{"$nulls":6},"TOTAL HT : ",{"$f":"SUM(H502:H527)","v":{"v":1255.23,"d":"1,255.23 €"}}]
[]
[]
[null,"TVA AUTO-LIQUIDEE - REGIME DE LA SOUS-TRAITANCE"]
[]
[null,"Projet de construction de : ",null,{"$f":"$D$97","v":0},{"$nulls":3},{"$f":"NOW()","v":"2025-09-26T16:51:27.350"}]
[null,"Sur la commune de : ",null,{"$f":"$D$98","v":0}]
[]
[]
[null,{"$f":"$B$20","v":"RE 2025"},"Entreprise : ","MICHEL/B2TECH/ PARONNEAU"]
[]
[]
[]
[null,"CLOISON SECHE - FOURNITURE ET POSE",{"$nulls":3},"Qté","Prix ht u","Total Ht"]
[]
[null,"PLAFOND"]
[null,"Plafond composé d'une plaque de plâtre type BA13 sur ossature metallique (entre rdc et r+1)",null,null,"m²",38.17,{"v":13,"d":"13.00 €"},{"$f":"G544*F544","v":{"v":496.21000000000004,"d":"496.21 €"}}]
[null,"Plafond composé d'une plaque de plâtre type BA13 sur ossature metallique R+1",null,null,"m²",54.49,{"v":13,"d":"13.00 €"},{"$f":"G545*F545","v":{"v":708.37,"d":"708.37 €"}}]
[]
[]
[null,"CLOISON "]
[null,"Cloison de distribution 70 mm composée de 2 plaques de plâtre Placostil et laine de verre 45 mm compris placo hydrofuge SDB RDC",null,null,"m²",10.17,{"v":24.5,"d":"24.50 €"},{"$f":"G549*F549","v":{"v":249.165,"d":"249.17 €"}}]
[null,"Cloison de distribution 70 mm composée de 2 plaques de plâtre Placostil et laine de verre 45 mm compris placo hydrofuge SDB R+1",null,null,"m²",52.41,{"v":24.5,"d":"24.50 €"},{"$f":"G550*F550","v":{"v":1284.0449999999998,"d":"1,284.05 €"}}]
[null,"Cloison Séparative de  190 mm avec Isolant en laine de verre GR32 de 12 cm et 4,5 cm, compris plaques de placo",null,null,"m²",17.05,{"v":24.5,"d":"24.50 €"},{"$f":"G551*F551","v":{"v":417.725,"d":"417.73 €"}},18.82]
[null,"Réhausse cloison isolante",null,null,"m²",3.37,{"v":24.5,"d":"24.50 €"},{"$f":"G552*F552","v":{"v":82.565,"d":"82.57 €"}},18.82]
[]
[null,"DOUBLAGE Hybris de chez actis"]
[null,"Lame d air 0,40","ba 13 0,052"]
[]
[null,"Doublage de 120 mm des murs extérieurs  en placostil 13 mm + Hybris de chez actis en 90 mm  (R 3,35)",null,null,"m²",{"v":0,"d":"0.00"},{"v":24.5,"d":"24.50 €"},{"$f":"G557*F557","v":{"v":0,"d":"0.00 €"}},"40,20*2,63=105,73m²-15,65-1,69=88,39"]
[null,"Doublage de 120 mm des murs extérieurs  en placostil 13 mm + Hybris de chez actis en 105 mm  (R 3,80)",null,null,"m²",{"v":0,"d":"0.00"},{"v":24.5,"d":"24.50 €"},{"$f":"G558*F558","v":{"v":0,"d":"0.00 €"}},"59,20*2,67=158,07m²-28,01"]
[null,"Doublage de 140 mm des murs extérieurs  en placostil 13 mm + Hybris de chez actis en 105 mm  (R=3,85)",null,null,"m²",{"v":0,"d":"0.00"},{"v":24.5,"d":"24.50 €"},{"$f":"G559*F559","v":{"v":0,"d":"0.00 €"}},"47,76*2,65=126,57m²-18,68=107,89"]
[null,"Doublage de 160 mm des murs extérieurs  en placostil 13 mm + Hybris de chez actis en 125 mm  (R=4,5) RDC",null,null,"m²",44.71,{"v":24.5,"d":"24.50 €"},{"$f":"G560*F560","v":{"v":1095.395,"d":"1,095.40 €"}},"47,76*2,65=126,57m²-18,68=107,89"]
[null,"Doublage de 160 mm des murs extérieurs  en placostil 13 mm + Hybris de chez actis en 125 mm  (R=4,5)",null,null,"m²",66.02,{"v":24.5,"d":"24.50 €"},{"$f":"G561*F561","v":{"v":1617.49,"d":"1,617.49 €"}},"47,76*2,65=126,57m²-18,68=107,89"]
[]
[null,"CLOISON Hybris de chez actis"]
[null,"Cloison de distribution 70 mm composée de 2 plaques de plâtre Placostil et Hybris de chez Actis en 50 mm (R 2,15)  compris placo hydrofuge SDB ",null,null,"m²",{"v":0,"d":"0.00"},{"v":24.5,"d":"24.50 €"},{"$f":"G564*F564","v":{"v":0,"d":"0.00 €"}},"36,04*2,63=94,78+0,6=95,38-10,14=85,24"]
[null,"PV pour cloison démontable",null,null,"ft",{"v":0,"d":"0.00"},{"v":150,"d":"150.00 €"},{"$f":"G565*F565","v":{"v":0,"d":"0.00 €"}}]
[]
[null,"Cloison Séparative de  130 mm composée de 2 plaques de plâtre Placostil et Hybris de chez Actis en 105 mm  (R:3,80)",null,null,"m²",{"v":0,"d":"0.00"},{"v":24.5,"d":"24.50 €"},{"$f":"G567*F567","v":{"v":0,"d":"0.00 €"}},"4,78*ht 3,42=16,34-1,69"]
[]
[null,"Cloison Séparative de  195 mm composée de 2 plaques de plâtre Placostil et Hybris de chez Actis en 105 mm+50 mm (R:5,20 env)",null,null,"m²",{"v":0,"d":"0.00"},{"v":24.5,"d":"24.50 €"},{"$f":"G569*F569","v":{"v":0,"d":"0.00 €"}},18.82]
[]
[]
[null,"DIVERS PLAQUISTERIE"]
[null,"Placo hydrofuge salle de bains +value",null,null,"m²",36.37,{"v":10.65,"d":"10.65 €"},{"$f":"G573*F573","v":{"v":387.34049999999996,"d":"387.34 €"}}]
[null,"Placo flamme pour cheminée ou poêle +value",null,null,"m²",null,{"v":12,"d":"12.00 €"},{"$f":"G574*F574","v":{"v":0,"d":"0.00 €"}}]
[null,"Caisson Event Wc + descente eu ev",null,null,"u",{"v":2,"d":"2.00"},{"v":50,"d":"50.00 €"},{"$f":"G575*F575","v":{"v":100,"d":"100.00 €"}}]
[null,"Placo collé pour habillage trémie d'escalier",null,null,"ft",null,{"v":150,"d":"150.00 €"},{"$f":"G576*F576","v":{"v":0,"d":"0.00 €"}}]
[null,"Pose Trappe de visite avec joues latérales étanche Nicoll 50*50",null,null,"u",{"v":1,"d":"1.00"},{"v":100,"d":"100.00 €"},{"$f":"G577*F577","v":{"v":100,"d":"100.00 €"}}]
[null,"Pose Trappe de visite avec joues latérales étanche pour pieuvre hydrolique 45*58",null,null,"u",null,{"v":50,"d":"50.00 €"},{"v":0,"d":"0.00 €"}]
[null,"Trappe de visite avec joues latérales étanche pour pieuvre hydrolique 45*58 (tarif ohmeo)",null,null,"u",null,{"v":108,"d":"108.00 €"},{"v":0,"d":"0.00 €"}]
[null,"Pose des cadres de BP",null,null,"u",{"v":7,"d":"7.00"},{"v":18.29,"d":"18.29 €"},{"v":128.03,"d":"128.03 €"}]
[null,"Habillage divers en placo",null,null,"ft",null,{"v":150,"d":"150.00 €"},{"v":0,"d":"0.00 €"}]
[null,"Renfort pour meuble vasque suspendu ou TV",null,null,"u",null,{"v":40,"d":"40.00 €"},{"v":0,"d":"0.00 €"}]
[null,"Renfort pour Hotte suspendue",null,null,"u",null,{"v":60,"d":"60.00 €"},{"v":0,"d":"0.00 €"}]
[]
[null,"Forfait maison -100 m²",null,null,"ft",{"v":1,"d":"1.00"},{"v":1000,"d":"1,000.00 €"},{"$f":"G585*F585","v":{"v":1000,"d":"1,000.00 €"}}]
[]
[]
[{"$nulls":6},"TOTAL HT : ",{"$f":"SUM(H544:H585)","v":{"v":7666.3355,"d":"7,666.34 €"}}]
[]
[null,"TVA AUTO-LIQUIDEE - REGIME DE LA SOUS-TRAITANCE"]
[]
[null,"Projet de construction de : ",null,{"$f":"$D$97","v":0},{"$nulls":3},{"$f":"NOW()","v":"2025-09-26T16:51:27.350"}]
[null,"Sur la commune de : ",null,{"$f":"$D$98","v":0}]
[]
[]
[null,{"$f":"$B$20","v":"RE 2025"},"Entreprise : ","RUDELLE"]
[]
[{"$nulls":3},"MAJ TARIF 03/07/2023"]
[]
[]
[null,"TRAITEMENTS DES JOINTS",{"$nulls":3},"Qté","Prix ht u","Total Ht"]
[]
[null,"Traitement des joints",null,null,"m²",null,{"v":3.3,"d":"3.30 €"},{"$f":"G603*F603","v":{"v":0,"d":"0.00 €"}},"2,70 TNS"]
[]
[null,"Bandes armées dans les angles",null,null,"ml",{"v":0,"d":"0.00"},{"v":3.3,"d":"3.30 €"},{"$f":"G605*F605","v":{"v":0,"d":"0.00 €"}}]
[]
[null,"Pose grande hauteur fx plafonds",null,null,"pv",{"v":0,"d":"0.00"},{"v":200,"d":"200.00 €"},{"$f":"F607*G607","v":{"v":0,"d":"0.00 €"}}]
[]
[]
[]
[{"$nulls":6},"TOTAL HT : ",{"$f":"SUM(H603:H610)","v":{"v":0,"d":"0.00 €"}}]
[]
[]
[]
[null,"TVA AUTO-LIQUIDEE - REGIME DE LA SOUS-TRAITANCE"]
[]
[]
[]
[null,"Projet de construction de : ",null,{"$f":"$D$97","v":0},{"$nulls":3},{"$f":"NOW()","v":"2025-09-26T16:51:27.350"}]
[null,"Sur la commune de : ",null,{"$f":"$D$98","v":0}]
[]
[]
[null,{"$f":"$B$20","v":"RE 2025"},"Entreprise : ","GIRONDE ISOLATION"]
[]
[{"$nulls":3},"MAJ TARIF janvier 2025"]
[]
[]
[null,"ISOLATION DES COMBLES  ",{"$nulls":3},"Qté","Prix ht u","Total Ht"]
[]
[null,"Soufflage de laine de verre Supafil Loft (knauf) ép. ………… mm  dans les combles perdues R=6",null,null,"m²",null,{"v":6.6,"d":"6.60 €"},{"$f":"F630*G630","v":{"v":0,"d":"0.00 €"}}]
[null,"Soufflage de laine de verre Supafil Loft (knauf) ép. 315 mm  dans les combles perdues R=7",null,null,"m²",null,{"v":7.8,"d":"7.80 €"},{"$f":"F631*G631","v":{"v":0,"d":"0.00 €"}}]
[null,"Soufflage de laine de verre Supafil Loft (knauf) ép. 365 mm  dans les combles perdues R=8",null,null,"m²",null,{"v":8.8,"d":"8.80 €"},{"$f":"F632*G632","v":{"v":0,"d":"0.00 €"}}]
[null,"Soufflage de laine de verre Supafil Loft (knauf) ép. 410 mm  dans les combles perdues R=9",null,null,"m²",null,{"v":9.9,"d":"9.90 €"},{"$f":"F633*G633","v":{"v":0,"d":"0.00 €"}}]
[null,"Soufflage de laine de verre Supafil Loft (knauf) ép. 450 mm  dans les combles perdues R=10 ",null,null,"m²",54.49,{"v":10.95,"d":"10.95 €"},{"$f":"F634*G634","v":{"v":596.6655,"d":"596.67 €"}},"(Prévoir BA 20+Réhausse des murs)"]
[]
[]
[]
[{"$nulls":6},"TOTAL HT : ",{"$f":"SUM(H630:H636)","v":{"v":596.6655,"d":"596.67 €"}}]
[]
[]
[null,"TVA AUTO-LIQUIDEE - REGIME DE LA SOUS-TRAITANCE"]
[]
[]
[]
[null,"Projet de construction de : ",null,{"$f":"$D$97","v":0},{"$nulls":3},{"$f":"NOW()","v":"2025-09-26T16:51:27.350"}]
[null,"Sur la commune de : ",null,{"$f":"$D$98","v":0}]
[]
[]
[null,{"$f":"$B$20","v":"RE 2025"},"Entreprise : ","MTE "]
[]
[{"$nulls":3},"MAJ 23/09/2025"]
[]
[null,"ELECTRICITE",{"$nulls":3},"Qté","Prix ht u","Total Ht"]
[]
[null,"Installation en monophasé 220v conforme à la norme NFC15-100 appareillage LEGRAND série DOOXIE . Douille DCL sans ampoules ni lustreries. L'installation sera soumise au Consuel"]
[]
[]
[null,"Salon/séjour"]
[null,"Spot bbc avec led",null,null,"u"]
[null,"Lampe SA",null,null,"u",{"v":2,"d":"2.00"}]
[null,"Lampe va-et-vient",null,null,"u",{"v":2,"d":"2.00"}]
[null,"Prise de courant 10/16 A+T",null,null,"u",{"v":7,"d":"7.00"}]
[null,"Prise TV",null,null,"u",{"v":2,"d":"2.00"}]
[null,"Prise RJ45 double",null,null,"u",{"v":1,"d":"1.00"}]
[null,"Prise RJ45",null,null,"u"]
[]
[null,"Cuisine "]
[null,"Spot bbc avec led",null,null,"u"]
[null,"Lampe SA",null,null,"u",{"v":1,"d":"1.00"}]
[null,"Lampe va-et-vient",null,null,"u",{"v":1,"d":"1.00"}]
[null,"Prise de courant 10/16 A+T compris frigo et micro-ondes",null,null,"u",{"v":7,"d":"7.00"}]
[null,"Prise de courant 20 A+T Lave-vaisselle",null,null,"u",{"v":1,"d":"1.00"}]
[null,"Prise de courant 20 A+T Four",null,null,"u",{"v":1,"d":"1.00"}]
[null,"Prise de courant 32 A+T Cuisson",null,null,"u",{"v":1,"d":"1.00"}]
[null,"Alimentation de Hotte 16A",null,null,"u",{"v":1,"d":"1.00"}]
[]
[null,"Chambre 1"]
[null,"Lampe SA",null,null,"u",{"v":1,"d":"1.00"}]
[null,"Spot bbc avec led",null,null,"u"]
[null,"Prise de courant 10/16 A+T",null,null,"u",{"v":3,"d":"3.00"}]
[null,"Prise RJ45",null,null,"u",{"v":1,"d":"1.00"}]
[null,"Prise TV",null,null,"u",{"v":1,"d":"1.00"}]
[]
[null,"Wc1"]
[null,"Lampe simple allumage en plafond",null,null,"u",{"v":1,"d":"1.00"}]
[null,"Prise de courant 10/16 A+T en hauteur ",null,null,"u"]
[]
[null,"Salle de bains 1"]
[null,"Lampe simple allumage en plafond",null,null,"u",{"v":1,"d":"1.00"}]
[null,"Lampe simple allumage en applique",null,null,"u",{"v":1,"d":"1.00"}]
[null,"Prise de courant 10/16 A+T",null,null,"u",{"v":1,"d":"1.00"}]
[null,"Alim seche serviette",null,null,"u",{"v":1,"d":"1.00"}]
[null,"Sèche-serviettes 750watts",null,null,"u",{"v":1,"d":"1.00"}]
[null,"Liaison équipotentielle",null,null,"u",{"v":1,"d":"1.00"}]
[]
[]
[null,"Divers"]
[null,"Kit complet VMC  Hygro Cosy BC ATLANTIQUE ",null,null,"u",{"v":1,"d":"1.00"}]
[null,"P Entrées d'air (blanche)",null,null,"u",{"v":5,"d":"5.00"}]
[]
[null,"Si CLIM et SPLIT  "]
[]
[null,"Création liaison équipotentielle sur retour liaison frigo PAC ou CHAUFFE EAU THERMO",null,null,"u",{"v":1,"d":"1.00"}]
[null,"Alimentation chauffe-eau thermodynamique ",null,null,"u",{"v":1,"d":"1.00"}]
[null,"L 'alimentation électrique clim et liaison entre unité prévu au lot chauffage"]
[]
[null,"Prise de terre générale",null,null,"u",{"v":1,"d":"1.00"}]
[null,"Tableau de distribution équipé de disjoncteurs et inter-différentiels",null,null,"u",{"v":1,"d":"1.00"}]
[null,"Plus-value pour tableau électrique pour passage nouvelle norme C15100",null,null,"u",{"v":1,"d":"1.00"}]
[null,"Coffret de communication",null,null,"u",{"v":1,"d":"1.00"}]
[null,"Branchement des volets roulants",null,null,"u",{"v":6,"d":"6.00"}]
[null,"Alimentation pour volet roulant électrique (si Boîtier TAHOMA OU AUTRE)",null,null,"u",{"v":6,"d":"6.00"}]
[null,"Pot étanche en plafond ",null,null,"u",{"v":20,"d":"20.00"}]
[null,"Pot étanche en mur et applique",null,null,"u",{"v":85,"d":"85.00"}]
[null,"Détecteur de fumée (1 jusqu'à 100 m², 2 au-delà)",null,null,"u",{"v":2,"d":"2.00"}]
[]
[{"$nulls":3},"L'ensemble","ft",{"v":1,"d":"1.00"},{"v":1260,"d":"1,260.00 €"},{"$f":"G717*F717","v":{"v":1260,"d":"1,260.00 €"}}]
[]
[null,"Hall"]
[null,"Spot bbc avec led",null,null,"u"]
[null,"Prise de courant 10/16 A+T",null,null,"u"]
[]
[null,"Dégagement étage"]
[null,"Télérupteur 3 boutons poussoir 1 plafonnier",null,null,"u"]
[null,"Lampe va-et-vient cage d'escalier",null,null,"u",{"v":1,"d":"1.00"}]
[null,"Lampe va-et-vient",null,null,"u",{"v":1,"d":"1.00"}]
[null,"Prise de courant 10/16 A+T",null,null,"u",{"v":1,"d":"1.00"}]
[]
[null,"Cellier"]
[null,"Lampe va-et-vient",null,null,"u",{"v":1,"d":"1.00"}]
[null,"Prise de courant 10/16 A+T",null,null,"u",{"v":1,"d":"1.00"}]
[null,"Prise de courant 20 A+T Lave-linge ",null,null,"u",{"v":1,"d":"1.00"}]
[]
[null,"Chambre 2"]
[null,"Lampe va-et-vient",null,null,"u"]
[null,"Lampe SA",null,null,"u",{"v":1,"d":"1.00"}]
[null,"Prise de courant 10/16 A+T",null,null,"u",{"v":3,"d":"3.00"}]
[null,"Prise RJ45",null,null,"u",{"v":1,"d":"1.00"}]
[null,"Prise TV",null,null,"u",{"v":1,"d":"1.00"}]
[]
[null,"Chambre 3"]
[null,"Lampe SA",null,null,"u",{"v":1,"d":"1.00"}]
[null,"Prise de courant 10/16 A+T",null,null,"u",{"v":3,"d":"3.00"}]
[null,"Prise RJ45",null,null,"u",{"v":1,"d":"1.00"}]
[null,"Prise TV",null,null,"u",{"v":1,"d":"1.00"}]
[]
[null,"Wc2"]
[null,"Lampe simple allumage en plafond",null,null,"u",{"v":1,"d":"1.00"}]
[]
[]
[]
[null,"Pièce supplémentaires",null,null,"u",{"v":5,"d":"5.00"},{"v":135,"d":"135.00 €"},{"$f":"G752*F752","v":{"v":675,"d":"675.00 €"}}]
[]
[null,"Extérieur + annexes:"]
[null,"Lampe simple allumage avec temoin",null,null,"u",{"v":3,"d":"3.00"}]
[null,"Prise de courant 10/16 A+T",null,null,"u"]
[]
[null,"garage:"]
[null,"Lampe va-et-vient",null,null,"u",{"v":1,"d":"1.00"}]
[null,"Prise de courant 10/16 A+T",null,null,"u",{"v":3,"d":"3.00"}]
[]
[null,"grenier:"]
[null,"Lampe simple allumage en Applique",null,null,"u",{"v":1,"d":"1.00"}]
[]
[{"$nulls":3},"Total","ft",{"v":1,"d":"1.00"},{"v":155,"d":"155.00 €"},{"$f":"G765*F765","v":{"v":155,"d":"155.00 €"}}]
[]
[]
[null,"Pose de spots",null,null,"u",null,{"v":10,"d":"10.00 €"},{"$f":"G768*F768","v":{"v":0,"d":"0.00 €"}}]
[null,"Pose sèche serviette",null,null,"u",{"v":1,"d":"1.00"},{"v":35,"d":"35.00 €"},{"$f":"G769*F769","v":{"v":35,"d":"35.00 €"}}]
[null,"Descente des fils",null,null,"u",{"v":1,"d":"1.00"},{"v":90,"d":"90.00 €"},{"$f":"G770*F770","v":{"v":90,"d":"90.00 €"}}]
[null,"Certificat consuel",null,null,"u",{"v":1,"d":"1.00"},{"v":96,"d":"96.00 €"},{"$f":"G771*F771","v":{"v":96,"d":"96.00 €"}}]
[]
[null,"Si Etage",null,null,"ft",{"v":1,"d":"1.00"},{"v":225,"d":"225.00 €"},{"$f":"G773*F773","v":{"v":225,"d":"225.00 €"}}]
[]
[]
[]
[]
[{"$nulls":6},"TOTAL HT : ",{"$f":"H771+H770+H769+H768+H765+H752+H717+H773","v":{"v":2536,"d":"2,536.00 €"}}]
[]
[null,"TVA AUTO-LIQUIDEE - REGIME DE LA SOUS-TRAITANCE"]
[]
[]
[null,"Projet de construction de : ",null,{"$f":"$D$97","v":0},{"$nulls":3},{"$f":"NOW()","v":"2025-09-26T16:51:27.350"}]
[null,"Sur la commune de : ",null,{"$f":"$D$98","v":0}]
[]
[]
[null,{"$f":"$B$20","v":"RE 2025"},"Entreprise : ","PREFATEC"]
[]
[{"$nulls":3},"MAJ 20/03/2023"]
[]
[null,"FOURNITURE PIEUVRE ELECTRIQUE",{"$nulls":3},"Qté","Prix ht u","Total Ht"]
[]
[null," Pieuvre Electrique  ",null,null,"ft",{"v":1,"d":"1.00"},{"v":1790.74,"d":"1,790.74 €"},{"$f":"G793*F793","v":{"v":1790.74,"d":"1,790.74 €"}}]
[null,"tableaux electrique",null,null,"ft",{"v":1,"d":"1.00"},{"v":495,"d":"495.00 €"},{"$f":"G794*F794","v":{"v":495,"d":"495.00 €"}}]
[null,"VMC + gaines + entrée d'air",null,null,"ft",{"v":1,"d":"1.00"},{"v":495.26,"d":"495.26 €"},{"$f":"G795*F795","v":{"v":495.26,"d":"495.26 €"}}]
[null,"Appareillage +boitiers BBC",null,null,"ft",{"v":1,"d":"1.00"},{"v":661,"d":"661.00 €"},{"$f":"G796*F796","v":{"v":661,"d":"661.00 €"}}]
[null,"Séche serviette 500 w Doris",null,null,"ft",{"v":1,"d":"1.00"},{"v":220.84,"d":"220.84 €"},{"$f":"G797*F797","v":{"v":220.84,"d":"220.84 €"}}]
[]
[]
[]
[{"$nulls":6},"TOTAL HT : ",{"$f":"SUM(H793:H799)","v":{"v":3662.84,"d":"3,662.84 €"}}]
[{"$nulls":6},"dont TVA 20%",{"$f":"H801*20%","v":{"v":732.5680000000001,"d":"732.57 €"}}]
[{"$nulls":6},"TOTAL TTC",{"$f":"H801+H802","v":{"v":4395.408,"d":"4,395.41 €"}}]
{"$rows_empty":7}
[null,"Projet de construction de : ",null,{"$f":"$D$97","v":0},{"$nulls":3},{"$f":"NOW()","v":"2025-09-26T16:51:27.350"}]
[null,"Sur la commune de : ",null,{"$f":"$D$98","v":0}]
[]
[]
[null,{"$f":"$B$20","v":"RE 2025"},"Entreprise : ","PUM / 3MM"]
[]
[{"$nulls":3},"MAJ 20/03/2023"]
[]
[null,"FOURNITURE ISOLANT DE SOL",{"$nulls":3},"Qté","Prix ht u","Total Ht"]
[]
[null,"Isolant de sol TMS MF/SI type EFISOL panneau de mousse polyuréthane revêtu d'un parement étanche et pare-vapeur intégré (PUM)"]
[null,"Epaisseur 30mm (étage)     R=1,30",null,null,"m²",null,{"v":8,"d":"8.00 €"},{"$f":"F822*G822","v":{"v":0,"d":"0.00 €"}}]
[null,"Epaisseur 48mm (rdc)          R=2,20",null,null,"m²",null,{"v":8.34,"d":"8.34 €"},{"v":0,"d":"0.00 €"}]
[null,"Epaisseur 56mm (rdc)          R=2,60",null,null,"m²",null,{"v":12.22,"d":"12.22 €"},{"v":0,"d":"0.00 €"}]
[null,"Epaisseur 68mm (rdc)          R=3,70",null,null,"m²",null,{"v":14.1,"d":"14.10 €"},{"v":0,"d":"0.00 €"}]
[null,"Epaisseur 80mm (rdc)          R=3,70",null,null,"m²",null,{"v":15.95,"d":"15.95 €"},{"v":0,"d":"0.00 €"}]
[null,"Epaisseur 100mm (rdc)       R=4,65",null,null,"m²",null,{"v":19.25,"d":"19.25 €"},{"v":0,"d":"0.00 €"}]
[]
[null,"Bande Efirive H. 150 mm (rouleau de 50ml)",null,null,"u",null,{"v":29.55,"d":"29.55 €"},{"$f":"F829*G829","v":{"v":0,"d":"0.00 €"}}]
[]
[null,"Ruban adhésif par vapeur pvc orange (1 rouleau pour 10m²)",null,null,"u",null,{"v":6.07,"d":"6.07 €"},{"$f":"F831*G831","v":{"v":0,"d":"0.00 €"}}]
[]
[]
[]
[{"$nulls":6},"TOTAL HT : ",{"$f":"SUM(H822:H833)","v":{"v":0,"d":"0.00 €"}}]
[{"$nulls":6},"dont TVA 20%",{"$f":"H835*20%","v":{"v":0,"d":"0.00 €"}}]
[{"$nulls":6},"TOTAL TTC",{"$f":"H835+H836","v":{"v":0,"d":"0.00 €"}}]
[]
[]
[null,"Projet de construction de : ",null,{"$f":"$D$97","v":0},{"$nulls":3},{"$f":"NOW()","v":"2025-09-26T16:51:27.350"}]
[null,"Sur la commune de : ",null,{"$f":"$D$98","v":0}]
[]
[]
[null,{"$f":"$B$20","v":"RE 2025"},"Entreprise : ","JR CHAPES"]
[]
[]
[]
[null,"POSE ISOLANT DE SOL ",{"$nulls":3},"Qté","Prix ht u","Total Ht"]
[]
[null,"Isolant de sol type TMS SI EFISOL ép….............. compris bande Efirive et scotch ",null,null,"m²",{"v":0,"d":"0.00"},{"v":4,"d":"4.00 €"},{"$f":"F850*G850","v":{"v":0,"d":"0.00 €"}}]
[]
[null,"Isolant de sol type TMS SI EFISOL ép 8 cm  compris bande Efirive et scotch ",null,null,"m²",{"v":0,"d":"0.00"},{"v":4.5,"d":"4.50 €"},{"$f":"F852*G852","v":{"v":0,"d":"0.00 €"}}]
[]
[null,"Isolant de sol type TMS SI EFISOL ép 10 cm  compris bande Efirive et scotch ",null,null,"m²",{"v":0,"d":"0.00"},{"v":5.5,"d":"5.50 €"},{"$f":"F854*G854","v":{"v":0,"d":"0.00 €"}}]
[]
[]
[{"$nulls":6},"TOTAL HT : ",{"$f":"SUM(H850:H854)","v":{"v":0,"d":"0.00 €"}}]
[]
[]
[null,"TVA AUTO-LIQUIDEE - REGIME DE LA SOUS-TRAITANCE"]
[]
[]
[]
[null,"Projet de construction de : ",null,{"$f":"$D$97","v":0},{"$nulls":3},{"$f":"NOW()","v":"2025-09-26T16:51:27.350"}]
[null,"Sur la commune de : ",null,{"$f":"$D$98","v":0}]
[]
[]
[null,{"$f":"$B$20","v":"RE 2025"},"Entreprise : ","POINT P"]
[]
[{"$nulls":3},"MAJ TARIF 13/09/2023"]
[]
[null,"CARRELAGE - FAÏENCE (Fourniture) POINT P",{"$nulls":3},"Qté","Prix ht u","Total Ht"]
[]
[null,"Différentes Hauteurs : H. 2,50 m douche / H. 2 m meuble vasque / H. 1,40 m au-dessus baignoire"]
[]
[null,"Carrelage au sol principal dim.45*45 ",null,null,"m²",null,{"v":14.54,"d":"14.54 €"},{"$f":"SUM(G876*F876)","v":{"v":0,"d":"0.00 €"}}]
[null,"Plinthes assorties 8*45",null,null,"ml",null,{"v":2.63,"d":"2.63 €"},{"$f":"SUM(G877*F877)","v":{"v":0,"d":"0.00 €"}}]
[]
[null,"Carrelage au sol principal dim.60x60  type concerto (gamme standing)",null,null,"m²",null,{"v":17.79,"d":"17.79 €"},{"$f":"SUM(G879*F879)","v":{"v":0,"d":"0.00 €"}}]
[null,"Plinthes assorties (gamme standing)",null,null,"ml",null,{"v":6.34,"d":"6.34 €"},{"$f":"SUM(G880*F880)","v":{"v":0,"d":"0.00 €"}}]
[]
[null,"Carrelage au sol principal type lame bois 15/61 ",null,null,"m²",null,{"v":17.68,"d":"17.68 €"},{"$f":"SUM(G882*F882)","v":{"v":0,"d":"0.00 €"}}]
[null,"Plinthes assorties (gamme standing)",null,null,"ml",null,{"v":6.34,"d":"6.34 €"},{"$f":"SUM(G883*F883)","v":{"v":0,"d":"0.00 €"}}]
[]
[null,"Carrelage au sol principal type lame bois 15/90(gamme standing)",null,null,"m²",null,{"v":22.45,"d":"22.45 €"},{"$f":"SUM(G885*F885)","v":{"v":0,"d":"0.00 €"}}]
[]
[]
[null,"Carrelage au sol principal dim.45*45 (SDB)",null,null,"m²",null,{"v":13.93,"d":"13.93 €"},{"$f":"SUM(G888*F888)","v":{"v":0,"d":"0.00 €"}}]
[null,"Plinthes assorties 8*45 (SDB)",null,null,"ml",null,{"v":5.2,"d":"5.20 €"},{"$f":"SUM(G889*F889)","v":{"v":0,"d":"0.00 €"}}]
[]
[null,"Faïence murale jusqu'à 25x40",null,null,"m²",14.98,{"v":14.54,"d":"14.54 €"},{"$f":"G891*F891","v":{"v":217.8092,"d":"217.81 €"}}]
[]
[null,"Carreaux de sol anti-dérapant GRES Pavigrès 21 Fino gelo mat dim.9,7x9,7 (petite maison)",null,null,"m²",null,{"v":36.39,"d":"36.39 €"},{"$f":"G893*F893","v":{"v":0,"d":"0.00 €"}}]
[null,"Carreaux de sol 31,4 * 31,4 anti-dérapant GRES Arte deco  5*5*6,5 ",null,null,"m²",null,{"v":66.9,"d":"66.90 €"},{"$f":"G894*F894","v":{"v":0,"d":"0.00 €"}}]
[]
[]
[]
[]
[{"$nulls":6},"TOTAL HT : ",{"$f":"SUM(H876:H896)","v":{"v":217.8092,"d":"217.81 €"}}]
[{"$nulls":6},"dont TVA 20%",{"$f":"H899*20%","v":{"v":43.561840000000004,"d":"43.56 €"}}]
[{"$nulls":6},"TOTAL TTC",{"$f":"H899+H900","v":{"v":261.37104,"d":"261.37 €"}}]
[]
[]
[]
[null,"Projet de construction de : ",null,{"$f":"$D$97","v":0},{"$nulls":3},{"$f":"NOW()","v":"2025-09-26T16:51:27.350"}]
[null,"Sur la commune de : ",null,{"$f":"$D$98","v":0}]
[]
[]
[null,{"$f":"$B$20","v":"RE 2025"},"Entreprise : ","MALTESE / TECHNIFLOOR"]
[]
[]
[]
[null,"CARRELAGE - FAIENCE",{"$nulls":3},"Qté","Prix ht u","Total Ht"]
[]
[null,"SOL - POSE DROITE - JOINT GRIS CLAIR"]
[null,"Carrelage au sol maxi 45/45 sur toute la surface habitable sauf chambres bureau dressing palier",null,null,"m²",null,{"v":24,"d":"24.00 €"},{"$f":"F916*G916","v":{"v":0,"d":"0.00 €"}}]
[null,"Carrelage au sol maxi 50/50 sur toute la surface habitable sauf chambres bureau dressing palier",null,null,"m²",null,{"v":27,"d":"27.00 €"},{"$f":"F917*G917","v":{"v":0,"d":"0.00 €"}}]
[null,"Carrelage au sol maxi 60/60 sur toute la surface habitable sauf chambres bureau dressing palier",null,null,"m²",null,{"v":31,"d":"31.00 €"},{"$f":"F918*G918","v":{"v":0,"d":"0.00 €"}}]
[]
[null,"Pose double encollage pour carrelage > 50/50",null,null,"m²",null,{"v":3,"d":"3.00 €"},{"$f":"F920*G920","v":{"v":0,"d":"0.00 €"}}]
[]
[null,"Plinthes assorties en grès émaillé ",null,null,"ml",null,{"v":5.8,"d":"5.80 €"},{"$f":"SUM(F922*G922)","v":{"v":0,"d":"0.00 €"}}]
[null,"Plus-value pose carrelage à l'étage",null,null,"m²",null,{"v":3,"d":"3.00 €"},{"$f":"F923*G923","v":{"v":0,"d":"0.00 €"}}]
[null,"Plus-value pose carrelage sur marches et contre marches (1m² par marche)",null,null,"m²",null,{"v":25.9,"d":"25.90 €"},{"$f":"G924*F924","v":{"v":0,"d":"0.00 €"}}]
[null,"Plus-value pour Nez de marches",null,null,"u",null,{"v":13,"d":"13.00 €"},{"$f":"G925*F925","v":{"v":0,"d":"0.00 €"}}]
[]
[null,"FAIENCE MURALE SDB ET/OU SDE - POSE HORIZONTALE - JOINT BLANC"]
[null,"Faïence murale jusqu'à 20/60 maxi collée au mortier de ciment joints gris clair ",null,null,"m²",{"v":14,"d":"14.00"},{"v":27,"d":"27.00 €"},{"$f":"G928*F928","v":{"v":378,"d":"378.00 €"}}]
[null,"Plus-value Double encollage (à partir de 20*60)",null,null,"m²",null,{"v":3,"d":"3.00 €"},{"$f":"F929*G929","v":{"v":0,"d":"0.00 €"}}]
[null,"Plus-value Pose toute hauteur (soit 2,50 m partout)",null,null,"ft",null,{"v":60,"d":"60.00 €"},{"$f":"G930*F930","v":{"v":0,"d":"0.00 €"}}]
[null,"Pose frises, listels et décors",null,null,"ml",null,{"v":3.81,"d":"3.81 €"},{"v":0,"d":"0.00 €"}]
[null,"Habillage de baignoire compris trappe de visite",null,null,"ft",{"v":1,"d":"1.00"},{"v":198,"d":"198.00 €"},{"v":198,"d":"198.00 €"}]
[null,"Forme de pente douche italienne compris étanchéité ",null,null,"ft",null,{"v":230,"d":"230.00 €"},{"v":0,"d":"0.00 €"}]
[null,"Pose anti-dérapant douche italienne",null,null,"ft",null,{"v":65,"d":"65.00 €"},{"v":0,"d":"0.00 €"}]
[null,"Baguette d'angle ",null,null,"ft",null,{"v":60,"d":"60.00 €"},{"v":0,"d":"0.00 €"}]
[null,"Silicone autour ouverture",null,null,"ft",null,{"v":60,"d":"60.00 €"},{"v":0,"d":"0.00 €"}]
[null,"Etanchéité des parois de la douche",null,null,"ft",{"v":0,"d":"0.00"},{"v":130,"d":"130.00 €"},{"v":0,"d":"0.00 €"}]
[]
[null,"Déplacement si chantier >à 50 kms",null,null,"ft",null,{"v":60,"d":"60.00 €"},{"$f":"G939*F939","v":{"v":0,"d":"0.00 €"}}]
[]
[null,"Pose de l'ensemble (mur et sol) pour 1 salle d'eau ",null,null,"ft",null,{"v":1250,"d":"1,250.00 €"},{"$f":"G941*F941","v":{"v":0,"d":"0.00 €"}}]
[]
[]
[]
[{"$nulls":6},"TOTAL HT : ",{"$f":"SUM(H916:H943)","v":{"v":576,"d":"576.00 €"}}]
[]
[null,"TVA AUTO-LIQUIDEE REGIME DE LA SOUS-TRAITANCE"]
[]
[]
[null,"Projet de construction de : ",null,{"$f":"$D$97","v":0},{"$nulls":3},{"$f":"NOW()","v":"2025-09-26T16:51:27.350"}]
[null,"Sur la commune de : ",null,{"$f":"$D$98","v":0}]
[]
[]
[null,{"$f":"$B$20","v":"RE 2025"},"Entreprise : ","JR CHAPES"]
[]
[{"$nulls":3},"maj 03/01/2024"]
[]
[null,"CHAPE LIQUIDE ",{"$nulls":3},"Qté","Prix ht u","Total Ht"]
[]
[null,"Chape ciment ",null,null,"m²",{"v":81,"d":"81.00"},{"v":22,"d":"22.00 €"},{"$f":"G960*F960","v":{"v":1782,"d":"1,782.00 €"}}]
[null,"Chape anydrite  sans fractionnement",null,null,"m²",{"v":0,"d":"0.00"},{"v":22,"d":"22.00 €"},{"$f":"G961*F961","v":{"v":0,"d":"0.00 €"}}]
[]
[]
[]
[{"$nulls":6},"TOTAL HT : ",{"$f":"SUM(H960:H964)","v":{"v":1782,"d":"1,782.00 €"}}]
[]
[]
[]
[null,"TVA AUTO-LIQUIDEE - REGIME DE LA SOUS-TRAITANCE"]
[]
[]
[null,"Projet de construction de : ",null,{"$f":"$D$97","v":0},{"$nulls":3},{"$f":"NOW()","v":"2025-09-26T16:51:27.350"}]
[null,"Sur la commune de : ",null,{"$f":"$D$98","v":0}]
[]
[]
[null,{"$f":"$B$20","v":"RE 2025"},"Entreprise : ","CEDEO / PARTEDIS"]
[]
[{"$nulls":3},"MAJ 26/05/2023"]
[]
[null,"FOURNITURE SANITAIRES (CEDEO)",{"$nulls":3},"Qté","Prix ht u","Total Ht"]
[]
[null,"Evier de cuisine à poser 120 cm en grès 2 bacs 1 égouttoir blanc, mitigeur FOCUS et vidage compris meuble 2 portes et vidage (PARTEDIS)",null,null,"u",null,{"v":276.29,"d":"276.29 €"},{"$f":"F982*G982","v":{"v":0,"d":"0.00 €"}}]
[null,"Meuble au SOL  70 (prof 46) ALTERNA  finition Blanc laqué (sur pieds) Plan de travail Alterna Primeo synthése blanc de 70, 2 tiroirs  + miroir + éclairage Led + mitigeur + siphon",null,null,"u",{"v":0,"d":"0.00"},{"v":460.2,"d":"460.20 €"},{"$f":"F983*G983","v":{"v":0,"d":"0.00 €"}}]
[null,"Meuble au SOL PRIMEO 80 (prof 46) ALTERNA  finition Blanc laqué (sur pieds) Plan de travail Alterna Primeo céramique de 80, 2 portes  + miroir + éclairage Led + mitigeur + siphon",null,null,"u",{"v":0,"d":"0.00"},{"v":492.63,"d":"492.63 €"},{"$f":"F984*G984","v":{"v":0,"d":"0.00 €"}}]
[null,"Meuble au SOL PRIMEO 80 (prof 46) ALTERNA  finition Blanc laqué (sur pieds) Plan de travail Alterna Primeo céramique de 80, 2 tiroirs  + miroir + éclairage Led + mitigeur + siphon",null,null,"u",{"v":0,"d":"0.00"},{"v":677.03,"d":"677.03 €"},{"$f":"F985*G985","v":{"v":0,"d":"0.00 €"}}]
[]
[null,"Baignoire Acrylique ALTERNA Concerto dim. 170/75 BLANC compris mitigeur, colonnette, set de douche et vidage",null,null,"u",{"v":1,"d":"1.00"},{"v":416.57,"d":"416.57 €"},{"$f":"G987*F987","v":{"v":416.57,"d":"416.57 €"}}]
[]
[null,"Receveur CERAMIQUE ANTI GLISS 90*90 ultra plat",null,null,"u",null,{"v":174,"d":"174.00 €"},{"$f":"G989*F989","v":{"v":0,"d":"0.00 €"}}]
[null,"Receveur RESINE extra plat 90*90",null,null,"u",{"v":1,"d":"1.00"},{"v":245,"d":"245.00 €"},{"$f":"G990*F990","v":{"v":245,"d":"245.00 €"}}]
[]
[null,"Combi de douche Croma Select 3 jets avec mitigeur thermostatique et barre de 65 cm Blanc / chromé",null,null,"u",{"v":1,"d":"1.00"},{"v":223.91,"d":"223.91 €"},{"$f":"F992*G992","v":{"v":223.91,"d":"223.91 €"}}]
[]
[null,"Porte de douche pivotante  (90 cm) ALTERNA CONCERTO",null,null,"u",{"v":0,"d":"0.00"},{"v":379.94,"d":"379.94 €"},{"$f":"F994*G994","v":{"v":0,"d":"0.00 €"}}]
[]
[null,"Ens WC sans Bride ALTERNA Verseau   + abattant  frein de chute  ",null,null,"u",2,{"v":143.03,"d":"143.03 €"},{"$f":"F996*G996","v":{"v":286.06,"d":"286.06 €"}}]
[]
[null,"Lave-mains MICRO 400 SALGAR compris meuble, miroir, mitigeur ARENA chromé et vidage",null,null,"u",{"v":1,"d":"1.00"},{"v":203,"d":"203.00 €"},{"$f":"F998*G998","v":{"v":203,"d":"203.00 €"}}]
[]
[]
[{"$nulls":6},"TOTAL HT : ",{"$f":"SUM(H982:H1000)","v":{"v":1374.54,"d":"1,374.54 €"}}]
[{"$nulls":6},"dont TVA 20%",{"$f":"H1001*20%","v":{"v":274.908,"d":"274.91 €"}}]
[{"$nulls":6},"TOTAL TTC",{"$f":"H1001+H1002","v":{"v":1649.4479999999999,"d":"1,649.45 €"}}]
[]
[null,"Projet de construction de : ",null,{"$f":"$D$97","v":0},{"$nulls":3},{"$f":"NOW()","v":"2025-09-26T16:51:27.350"}]
[null,"Sur la commune de : ",null,{"$f":"$D$98","v":0}]
[]
[null,{"$f":"$B$20","v":"RE 2025"},"Entreprise : ","COUILLAUD / JOLLY"]
[]
[]
[]
[null,"SANITAIRES - POSE",{"$nulls":3},"Qté","Prix ht u","Total Ht"]
[]
[null,"Evier cuisine compris meuble et robinetterie",null,null,"u",null,{"v":145,"d":"145.00 €"},{"$f":"F1014*G1014","v":{"v":0,"d":"0.00 €"}}]
[null,"Meuble 1 vasque complet",null,null,"u",null,{"v":135,"d":"135.00 €"},{"$f":"F1015*G1015","v":{"v":0,"d":"0.00 €"}}]
[null,"Meuble 2 vasques complet",null,null,"u",null,{"v":135,"d":"135.00 €"},{"$f":"F1016*G1016","v":{"v":0,"d":"0.00 €"}}]
[null,"Baignoire 170*75 compris robinetterie complète",null,null,"u",null,{"v":95,"d":"95.00 €"},{"$f":"G1017*F1017","v":{"v":0,"d":"0.00 €"}}]
[null,"Tablier pour Baignoire 170*75",null,null,"u",null,{"v":45,"d":"45.00 €"},{"v":0,"d":"0.00 €"}]
[null,"Bac à douche extra plat 90*90 ",null,null,"u",null,{"v":125,"d":"125.00 €"},{"v":0,"d":"0.00 €"}]
[null,"Natte sous bac à douche 90*90 (si carrelage RPLC)",null,null,"u",null,{"v":60,"d":"60.00 €"},{"v":0,"d":"0.00 €"}]
[null,"Siphon de sol pour douche italienne inox 10*10  ",null,null,"u",null,{"v":45,"d":"45.00 €"},{"$f":"F1021*G1021","v":{"v":0,"d":"0.00 €"}}]
[null,"Robinetterie douche italienne",null,null,"u",null,{"v":50,"d":"50.00 €"},{"v":0,"d":"0.00 €"}]
[null,"Porte de douche 1 battant",null,null,"u",null,{"v":70,"d":"70.00 €"},{"v":0,"d":"0.00 €"}]
[null,"Ensemble WC réservoir bas ",null,null,"u",null,{"v":95,"d":"95.00 €"},{"v":0,"d":"0.00 €"}]
[]
[null,"Lave-mains compris meuble et robinetterie",null,null,"u",null,{"v":95,"d":"95.00 €"},{"$f":"F1026*G1026","v":{"v":0,"d":"0.00 €"}}]
[null,"Mise en service chauffe-eau thermodynamique ATLANTIC",null,null,"ft",null,{"v":209,"d":"209.00 €"},{"$f":"F1027*G1027","v":{"v":0,"d":"0.00 €"}}]
[null,"F et Pose  ballon tampon ECS 150 Litres",null,null,"ens",{"v":0,"d":"0.00"},{"v":500,"d":"500.00 €"},{"$f":"F1028*G1028","v":{"v":0,"d":"0.00 €"}}]
[null,"Pose chauffe-eau électrique (15 à 300 l)",null,null,"u",null,{"v":95,"d":"95.00 €"},{"$f":"G1029*F1029","v":{"v":0,"d":"0.00 €"}}]
[]
[null,"Alimentation eau chaude / eau froide des appareils en tube PER",null,null,"ft",null,{"v":650,"d":"650.00 €"},{"$f":"G1031*F1031","v":{"v":0,"d":"0.00 €"}}]
[]
[null,"Evacuation des appareils en tube PVC compris raccordement évent wc",null,null,"ft",null,{"v":120,"d":"120.00 €"},{"$f":"G1033*F1033","v":{"v":0,"d":"0.00 €"}}]
[null,"Alimentation et évacuation lave linge + lave vaisselle (2u)",null,null,"u",null,{"v":35,"d":"35.00 €"},{"v":0,"d":"0.00 €"}]
[null,"Event de fosse avec aspirateur statique (si fosse toutes eaux)",null,null,"ft",null,{"v":120,"d":"120.00 €"},{"v":0,"d":"0.00 €"}]
[null,"Collerette pour alim eau froide (LL,Refri. américain, wc, ...)",null,null,"u",null,{"v":15,"d":"15.00 €"},{"v":0,"d":"0.00 €"}]
[null,"Robinet de puisage (si maison 120 m² = 2u)",null,null,"u",null,{"v":28,"d":"28.00 €"},{"v":0,"d":"0.00 €"}]
[null,"Robinet d'arrêt",null,null,"u",null,{"v":15,"d":"15.00 €"},{"v":0,"d":"0.00 €"}]
[null,"Réducteur de pression",null,null,"u",null,{"v":78,"d":"78.00 €"},{"v":0,"d":"0.00 €"}]
[]
[]
["ou "," Pieuvre Hydro compris tubes ",null,null,"ft",{"v":0,"d":"0.00"},{"v":0,"d":"0.00 €"},{"$f":"G1042*F1042","v":{"v":0,"d":"0.00 €"}}]
[null,"Gaine posées en plafond",null,null,"ft",null,{"v":300,"d":"300.00 €"},{"$f":"G1043*F1043","v":{"v":0,"d":"0.00 €"}}]
[]
[]
[{"$nulls":6},"TOTAL HT : ",{"$f":"SUM(H1014:H1043)","v":{"v":0,"d":"0.00 €"}}]
[]
[null,"TVA AUTO-LIQUIDEE - REGIME DE LA SOUS-TRAITANCE"]
[]
[]
[null,"Projet de construction de : ",null,{"$f":"$D$97","v":0},{"$nulls":3},{"$f":"NOW()","v":"2025-09-26T16:51:27.350"}]
[null,"Sur la commune de : ",null,{"$f":"$D$98","v":0}]
[]
[null,{"$f":"$B$20","v":"RE 2025"},"Entreprise : ","MTE "]
[]
[]
[]
[null,"SANITAIRES - POSE",{"$nulls":3},"Qté","Prix ht u","Total Ht"]
[]
[null,"Meuble 2 vasques complet",null,null,"u",{"v":0,"d":"0.00"},{"v":195,"d":"195.00 €"},{"$f":"F1060*G1060","v":{"v":0,"d":"0.00 €"}}]
[null,"Meuble 1 vasque complet",null,null,"u",{"v":0,"d":"0.00"},{"v":135,"d":"135.00 €"},{"$f":"F1061*G1061","v":{"v":0,"d":"0.00 €"}}]
[null,"Baignoire 170*75 compris robinetterie complète",null,null,"u",{"v":1,"d":"1.00"},{"v":158,"d":"158.00 €"},{"$f":"F1062*G1062","v":{"v":158,"d":"158.00 €"}}]
[null,"Siphon de sol pour douche italienne inox 10*10  ",null,null,"u",null,{"v":45,"d":"45.00 €"},{"$f":"F1063*G1063","v":{"v":0,"d":"0.00 €"}}]
[null,"Robinetterie douche ",null,null,"u",{"v":1,"d":"1.00"},{"v":59,"d":"59.00 €"},{"$f":"F1064*G1064","v":{"v":59,"d":"59.00 €"}}]
[null,"Ensemble WC réservoir bas ",null,null,"u",{"v":2,"d":"2.00"},{"v":95,"d":"95.00 €"},{"$f":"F1065*G1065","v":{"v":190,"d":"190.00 €"}}]
[null,"Ensemble WC suspendu ",null,null,"u",null,{"v":220,"d":"220.00 €"},{"$f":"F1066*G1066","v":{"v":0,"d":"0.00 €"}}]
[null,"Bac à douche extra plat 90*90 ",null,null,"u",{"v":1,"d":"1.00"},{"v":125,"d":"125.00 €"},{"$f":"G1067*F1067","v":{"v":125,"d":"125.00 €"}}]
[]
[null,"Porte de douche",null,null,"u",null,{"v":170,"d":"170.00 €"},{"$f":"F1069*G1069","v":{"v":0,"d":"0.00 €"}}]
[null,"Paroi fixe",null,null,"u",null,{"v":85,"d":"85.00 €"},{"$f":"F1070*G1070","v":{"v":0,"d":"0.00 €"}}]
[null,"Kit hygiène (douchette) wc",null,null,"u",null,{"v":35,"d":"35.00 €"},{"$f":"F1071*G1071","v":{"v":0,"d":"0.00 €"}}]
[null,"Lave-mains compris meuble et robinetterie",null,null,"u",{"v":1,"d":"1.00"},{"v":120,"d":"120.00 €"},{"$f":"F1072*G1072","v":{"v":120,"d":"120.00 €"}}]
[]
[null,"Pieuvre hydraulique",null,null,"ft",{"v":1,"d":"1.00"},{"v":145,"d":"145.00 €"},{"$f":"G1074*F1074","v":{"v":145,"d":"145.00 €"}}]
[null,"Caisson hydraulique",null,null,"ft",{"v":1,"d":"1.00"},{"v":115,"d":"115.00 €"},{"v":115,"d":"115.00 €"}]
[null,"Raccordement PE coffret extérieur",null,null,"ft",{"v":1,"d":"1.00"},{"v":58,"d":"58.00 €"},{"v":58,"d":"58.00 €"}]
[null,"Raccordement PE coffret intérieur",null,null,"ft",{"v":1,"d":"1.00"},{"v":110,"d":"110.00 €"},{"v":110,"d":"110.00 €"}]
[null,"Vanne de purge pour robinet extérieur",null,null,"ft",{"v":1,"d":"1.00"},{"v":27,"d":"27.00 €"},{"v":27,"d":"27.00 €"}]
[null,"Platine pour WC",null,null,"ft",{"v":2,"d":"2.00"},{"v":18.2,"d":"18.20 €"},{"v":36.4,"d":"36.40 €"}]
[null,"Platine pour double (évier, douche, lavabo)",null,null,"u",{"v":3,"d":"3.00"},{"v":35.6,"d":"35.60 €"},{"v":106.80000000000001,"d":"106.80 €"}]
[null,"Platine + robinet MAL/LL",null,null,"ft",{"v":1,"d":"1.00"},{"v":24.6,"d":"24.60 €"},{"v":24.6,"d":"24.60 €"}]
[null,"Alimentation chauffe eau",null,null,"ft",{"v":0,"d":"0.00"},{"v":86.4,"d":"86.40 €"},{"v":0,"d":"0.00 €"}]
[null,"Robinet extérieur",null,null,"ft",{"v":1,"d":"1.00"},{"v":38.3,"d":"38.30 €"},{"v":38.3,"d":"38.30 €"}]
[null,"Vidange simple PVC 32mm/40mm",null,null,"u",{"v":3,"d":"3.00"},{"v":38.5,"d":"38.50 €"},{"v":115.5,"d":"115.50 €"}]
[null,"Vidange 40mm + siphon MAL",null,null,"u",{"v":1,"d":"1.00"},{"v":48.8,"d":"48.80 €"},{"v":48.8,"d":"48.80 €"}]
[null,"Vidange 100mm WC",null,null,"ft",{"v":2,"d":"2.00"},{"v":35.5,"d":"35.50 €"},{"v":71,"d":"71.00 €"}]
[null,"Event PVC 100mm WC",null,null,"ft",{"v":2,"d":"2.00"},{"v":68.9,"d":"68.90 €"},{"v":137.8,"d":"137.80 €"}]
[null,"Gaine posées en plafond",null,null,"ft",{"v":0,"d":"0.00"},{"v":300,"d":"300.00 €"},{"$f":"G1088*F1088","v":{"v":0,"d":"0.00 €"}}]
[null,"Raccordement de la cuve à la maison inclus pose bi pass",null,null,"ens",null,{"v":300,"d":"300.00 €"},{"v":0,"d":"0.00 €"}]
[]
[null,"Chauffage avec production EC"]
[null,"Mono split UI/UE compris cablage et évac",null,null,"ft",{"v":4,"d":"4.00"},{"v":460,"d":"460.00 €"},{"$f":"G1092*F1092","v":{"v":1840,"d":"1,840.00 €"}}]
[null,"CE Thermo calypso SPLT (avec UE) pose et raccordement + CE +Cablage",null,null,"ft",{"v":1,"d":"1.00"},{"v":620,"d":"620.00 €"},{"v":620,"d":"620.00 €"}]
[null,"Pose CE THERMO Calypso monobloc (sans UE)",null,null,"ft",{"v":1,"d":"1.00"},{"v":490,"d":"490.00 €"},{"v":490,"d":"490.00 €"}]
[]
[]
[]
[{"$nulls":6},"TOTAL HT : ",{"$f":"SUM(H1060:H1097)","v":{"v":4636.2,"d":"4,636.20 €"}}]
[]
[null,"TVA AUTO-LIQUIDEE - REGIME DE LA SOUS-TRAITANCE"]
[]
[]
[null,"Projet de construction de : ",null,{"$f":"$D$180","v":0},{"$nulls":3},{"$f":"NOW()","v":"2025-09-26T16:51:27.350"}]
[null,"Sur la commune de : ",null,{"$f":"$D$181","v":0}]
[]
[]
[null,{"$f":"$B$20","v":"RE 2025"},"Entreprise : ","PREFATEC"]
[]
[]
[]
[null,"PIEUVRE HYDROLIQUE  - FOURNITURE",{"$nulls":3},"Qté","Prix ht u","Total Ht"]
[]
[null," Pieuvre Hydro compris tubes ",null,null,"ft",{"v":1,"d":"1.00"},{"v":453.77,"d":"453.77 €"},{"$f":"G1113*F1113","v":{"v":453.77,"d":"453.77 €"}}]
[null,"Appareillage Hydraulique+kit d'arrivée d'eau",null,null,"ft",{"v":1,"d":"1.00"},{"v":406.6,"d":"406.60 €"},{"$f":"G1114*F1114","v":{"v":406.6,"d":"406.60 €"}}]
{"$rows_empty":7}
[{"$nulls":6},"TOTAL HT : ",{"$f":"SUM(H1113:H1121)","v":{"v":860.37,"d":"860.37 €"}}]
[{"$nulls":6},"dont TVA 20 %",{"$f":"H1122*20%","v":{"v":172.074,"d":"172.07 €"}}]
[{"$nulls":6},"TOTAL TTC",{"$f":"H1122+H1123","v":{"v":1032.444,"d":"1,032.44 €"}}]
[]
[]
[]
[null,"Projet de construction de : ",null,{"$f":"$D$97","v":0},{"$nulls":3},{"$f":"NOW()","v":"2025-09-26T16:51:27.350"}]
[null,"Sur la commune de : ",null,{"$f":"$D$98","v":0}]
[]
[]
[null,{"$f":"$B$20","v":"RE 2025"},"Entreprise : ","PARTEDIS / OHMEO / PREFATEC"]
[]
[]
[]
[null,"CHAUFFE-EAU THERMO - FOURNITURE",{"$nulls":3},"Qté","Prix ht u","Total Ht"]
[]
[null,"Climatisation réversible Atlantic TAKAO M2 ATLANTIC+ Chauffe eau thermodynamique Calypso split 200 litres + 4 Splits + 1 groupe exterieur",null,null,"ens",{"v":1,"d":"1.00"},5854.06,{"$f":"F1138*G1138","v":{"v":5854.06,"d":"5,854.06 €"}}]
{"$rows_empty":11}
[{"$nulls":6},"TOTAL HT : ",{"$f":"SUM(H1136:H1149)","v":{"v":5854.06,"d":"5,854.06 €"}}]
[{"$nulls":6},"dont TVA 20 %",{"$f":"H1150*20%","v":{"v":1170.8120000000001,"d":"1,170.81 €"}}]
[{"$nulls":6},"TOTAL TTC",{"$f":"H1150+H1151","v":{"v":7024.872,"d":"7,024.87 €"}}]
[]
[]
[null,"Projet de construction de : ",null,{"$f":"D17","v":0},{"$nulls":3},{"$f":"NOW()","v":"2025-09-26T16:51:27.350"}]
[null,"Sur la commune de : ",null,{"$f":"D18","v":0}]
[]
[]
[null,{"$f":"$B$20","v":"RE 2025"},"Entreprise : ","COUILLAUD / JOLLY /MTE"]
[]
[]
[]
[]
[null,"CHAUFFAGE  POSE",{"$nulls":3},"Qté","Prix ht u","Total Ht"]
[]
[null,"Mise en service chauffe-eau thermodynamique +4 splits ( JOLLY) maison 100 m² environ",null,null,"ft",{"v":1,"d":"1.00"},{"v":250,"d":"250.00 €"},{"$f":"F1166*G1166","v":{"v":250,"d":"250.00 €"}}]
[]
[null,"Mise en service chauffe-eau thermodynamique + split( JOLLY) maison de plus de 100 m²",null,null,"ft",null,{"v":500,"d":"500.00 €"},{"$f":"F1168*G1168","v":{"v":0,"d":"0.00 €"}}]
[]
[]
[]
[{"$nulls":6},"TOTAL HT : ",{"$f":"SUM(H1166:H1170)","v":{"v":250,"d":"250.00 €"}}]
[]
[]
[null,"TVA AUTO-LIQUIDEE - REGIME DE LA SOUS-TRAITANCE"]
[]
[]
[]
[null,"Projet de construction de : ",null,{"$f":"$D$97","v":0},{"$nulls":3},{"$f":"NOW()","v":"2025-09-26T16:51:27.350"}]
[null,"Sur la commune de : ",null,{"$f":"$D$98","v":0}]
[]
[null,{"$f":"$B$20","v":"RE 2025"},"Entreprise : ","BIGUET / BONINE CHARENTE PEINTURE"]
[]
[]
[]
[null,"PEINTURE - FOURNITURE ET POSE",{"$nulls":3},"Qté","Prix ht u","Total Ht"]
[]
[null,"PEINTURE PLAFOND"]
["B","Sur Plafond placo : Ponçage des bandes, 1 couche d'impression, 2 couches de finition acrylique mate",null,null,"m²",null,{"v":15,"d":"15.00 €"},{"$f":"G1189*F1189","v":{"v":0,"d":"0.00 €"}}]
[]
[null,"PEINTURE MURS"]
["B","Sur mur placo :  Ponçage des bandes, 1 couche d'impression, 2 couches de finition acrylique mate",null,null,"m²",null,{"v":15,"d":"15.00 €"},{"$f":"F1192*G1192","v":{"v":0,"d":"0.00 €"}}]
[]
[null,"PEINTURE SUR BOISERIES"]
[null,"Sur les portes intérieures : Ponçage, masticage, 1 couche d'impression, 2 couches de finition glycéro satin",null,null,"U",null,{"v":80,"d":"80.00 €"},{"$f":"G1195*F1195","v":{"v":0,"d":"0.00 €"}}]
[]
[null,"Peinture des boiseries (escaliers) lasure",null,null,"m²",null,{"v":14,"d":"14.00 €"},{"$f":"F1197*G1197","v":{"v":0,"d":"0.00 €"}}]
[]
[]
[]
[{"$nulls":6},"TOTAL HT : ",{"$f":"SUM(H1189:H1199)","v":{"v":0,"d":"0.00 €"}}]
[]
[null,"TVA AUTO-LIQUIDEE - REGIME DE LA SOUS-TRAITANCE"]
[]
[null,"Projet de construction de : ",null,{"$f":"$D$97","v":0},{"$nulls":3},{"$f":"NOW()","v":"2025-09-26T16:51:27.350"}]
[null,"Sur la commune de : ",null,{"$f":"$D$98","v":0}]
[]
[null,{"$f":"$B$20","v":"RE 2025"},"Entreprise : "," LB16 "]
[]
[{"$nulls":3},"MAJ 03/06/2025"]
[]
[]
[null,"REVETEMENT DE SOL - FOURNITURE ET POSE"]
[]
["LB16","Sol plastique compris dépoussiérage (rouleaux)",null,null,"m²",null,{"v":33.4,"d":"33.40 €"},{"$f":"G1215*F1215","v":{"v":0,"d":"0.00 €"}}]
["LB16","Sol plastique compris dépoussiérage (lames)",null,null,"m²",{"v":0,"d":"0.00"},{"v":31.4,"d":"31.40 €"},{"$f":"G1216*F1216","v":{"v":0,"d":"0.00 €"}},"32,15+10%"]
["LB16","Sol plastique compris dépoussiérage (lames gamme GERFLOR)",null,null,"m²",{"v":0,"d":"0.00"},{"v":39.6,"d":"39.60 €"},{"$f":"G1217*F1217","v":{"v":0,"d":"0.00 €"}},"32,15+10%"]
[null,"Plinthes assorties au sol plastique ou blanc",null,null,"ml",null,{"v":8.3,"d":"8.30 €"},{"$f":"G1218*F1218","v":{"v":0,"d":"0.00 €"}}]
[null,"Barre de seuil ",null,null,"u",null,{"v":7.5,"d":"7.50 €"},{"$f":"G1219*F1219","v":{"v":0,"d":"0.00 €"}}]
[]
[null,"F/P Parquet flottant stratifié 8 mm type LAMIDECOR 32 compris isolant sous couche mousse (sans ragréage)",null,null,"m²",null,{"v":48,"d":"48.00 €"},{"$f":"G1221*F1221","v":{"v":0,"d":"0.00 €"}},{"v":0.05,"d":"5%"}]
[null,"F/P Plinthes stratifiées assorties ",null,null,"ml",null,{"v":8.24,"d":"8.24 €"},{"$f":"G1222*F1222","v":{"v":0,"d":"0.00 €"}},{"v":0.05,"d":"5%"}]
[]
[null,"POSE"]
[]
["LB16","Ragréage simple",null,null,"m²",null,{"v":7.1,"d":"7.10 €"},{"$f":"G1226*F1226","v":{"v":0,"d":"0.00 €"}}]
[null,"Ragréage fibré sur plancher chauffant",null,null,"m²",null,{"v":15,"d":"15.00 €"},{"$f":"G1227*F1227","v":{"v":0,"d":"0.00 €"}}]
["LB16","Primaire d'accrochage (pose sur plancher bois ou carrelage existant)",null,null,"m²",null,{"v":18.3,"d":"18.30 €"},{"$f":"G1228*F1228","v":{"v":0,"d":"0.00 €"}}]
[null,"Primaire d'accrochage",null,null,"m²",{"v":0,"d":"0.00"},{"v":6,"d":"6.00 €"},{"$f":"G1229*F1229","v":{"v":0,"d":"0.00 €"}}]
[]
[]
[{"$nulls":6},"TOTAL HT : ",{"$f":"SUM(H1212:H1230)","v":{"v":0,"d":"0.00 €"}}]
[]
[null,"TVA AUTO-LIQUIDEE - REGIME DE LA SOUS-TRAITANCE"]
[]
[null,"Projet de construction de : ",null,{"$f":"$D$17","v":0},{"$nulls":3},{"$f":"NOW()","v":"2025-09-26T16:51:27.350"}]
[null,"Sur la commune de : ",null,{"$f":"$D$18","v":0}]
[]
[null,{"$f":"$B$20","v":"RE 2025"},"Entreprise : ","PARTEDIS"]
[]
[{"$nulls":3},"MAJ TARIF 12092025"]
[]
[null,"REVETEMENT DE SOL - FOURNITURE "]
[]
[null,"Rev de sol Tritty 200 AQUA CHENE SICILIA NATURE AUTH MAT",null,null,"m²",null,{"v":16.71,"d":"16.71 €"},{"$f":"G1245*F1245","v":{"v":0,"d":"0.00 €"}},"25,20+5%"]
[null,"Rev de sol Tritty 200 AQUA CHENE FLAVIA PURO AUTH",null,null,"m²",null,{"v":16.71,"d":"16.71 €"},{"$f":"G1246*F1246","v":{"v":0,"d":"0.00 €"}},"25,20+5%"]
[null,"Rev de sol Tritty 200 AQUA CHENE FLAVIA NATURE AUTH ",null,null,"m²",null,{"v":16.71,"d":"16.71 €"},{"$f":"G1247*F1247","v":{"v":0,"d":"0.00 €"}},"25,20+5%"]
[null,"Rev de sol Tritty 200 AQUA CHENE FLAVIA FUME AUTH ",null,null,"m²",null,{"v":16.71,"d":"16.71 €"},{"$f":"G1248*F1248","v":{"v":0,"d":"0.00 €"}},"25,20+5%"]
[null,"ARO TRITTY 200 AQUA Planche large à l'ancienne Erable argente vario",null,null,"m²",null,{"v":23.13,"d":"23.13 €"},{"$f":"G1249*F1249","v":{"v":0,"d":"0.00 €"}},"25,20+5%"]
[]
[null,"Sous couche mousse (sans ragréage) 1 rouleau pour 20 m²",null,null,"M²",null,{"v":5.13,"d":"5.13 €"},{"$f":"G1251*F1251","v":{"v":0,"d":"0.00 €"}},{"v":0.05,"d":"5%"}]
[]
[null,"F Plinthes Medium AV Prepeint blanc",null,null,"ml",null,{"v":3.05,"d":"3.05 €"},{"$f":"G1253*F1253","v":{"v":0,"d":"0.00 €"}},"23,79+5%"]
[]
[]
[]
[]
[]
[{"$nulls":6},"TOTAL HT : ",{"$f":"SUM(H1245:H1258)","v":{"v":0,"d":"0.00 €"}}]
[]
[null,"TVA AUTO-LIQUIDEE - REGIME DE LA SOUS-TRAITANCE"]
[]
[]
[]
[]
[]
[]
[null,"Projet de construction de : ",null,{"$f":"$D$17","v":0},{"$nulls":3},{"$f":"NOW()","v":"2025-09-26T16:51:27.350"}]
[null,"Sur la commune de : ",null,{"$f":"$D$18","v":0}]
[]
[null,{"$f":"$B$20","v":"RE 2025"},"Entreprise : ","EURO POSE/TECHNIFLOOR"]
[]
[]
[null,"REVETEMENT DE SOL - POSE"]
[]
[null,"Pose de parquet stratifié compris plinthes et barre de seuil",null,null,"m²",{"v":0,"d":"0.00"},{"v":25,"d":"25.00 €"},{"$f":"G1276*F1276","v":{"v":0,"d":"0.00 €"}}]
[]
[]
[]
[]
[]
[{"$nulls":6},"TOTAL HT : ",{"$f":"SUM(H1276:H1281)","v":{"v":0,"d":"0.00 €"}}]
[]
[]
[null,"TVA AUTO-LIQUIDEE - REGIME DE LA SOUS-TRAITANCE"]
{"$rows_empty":7}
[null,"Projet de construction de : ",null,{"$f":"$D$97","v":0},{"$nulls":3},{"$f":"NOW()","v":"2025-09-26T16:51:27.350"}]
[null,"Sur la commune de : ",null,{"$f":"D18","v":0}]
[]
[]
[null,{"$f":"$B$20","v":"RE 2025"},"Entreprise : ","BUREAU D'ETUDE"]
[]
[]
[]
[null,"DIVERS",{"$nulls":3},"Qté","Prix ht u","Total Ht"]
[]
[null,"BETC 16 / BNT"]
[null,"Etude Thermique",null,null,"u",{"v":1,"d":"1.00"},{"v":190,"d":"190.00 €"},{"$f":"G1304*F1304","v":{"v":190,"d":"190.00 €"}}]
[null,"TEST BILAN Carbone",null,null,"u",{"v":1,"d":"1.00"},{"v":360,"d":"360.00 €"},{"v":360,"d":"360.00 €"}]
[]
[null,"DPE / Test de perméa à l'air / Conformité BBIO +controle VMC+BILAN Carbone",null,null,"u",{"v":1,"d":"1.00"},{"v":500,"d":"500.00 €"},{"$f":"G1307*F1307","v":{"v":500,"d":"500.00 €"}}]
[]
["MTE","Vivre son habitat",null,null,"u",{"v":1,"d":"1.00"},{"v":79,"d":"79.00 €"},{"$f":"F1309*G1309","v":{"v":79,"d":"79.00 €"}}]
[null,"Mise en service SOMFY (-12u)",null,null,"ft",{"v":1,"d":"1.00"},{"v":80,"d":"80.00 €"},{"$f":"F1310*G1310","v":{"v":80,"d":"80.00 €"}}]
[null,"Nettoyage partiel fin de travaux (netplus) -100 m²",null,null,"u",{"v":0,"d":"0.00"},{"v":400,"d":"400.00 €"},{"$f":"G1311*F1311","v":{"v":0,"d":"0.00 €"}}]
[null,"Nettoyage partiel fin de travaux (netplus) 120/130 m²",null,null,"u",{"v":0,"d":"0.00"},{"v":700,"d":"700.00 €"},{"$f":"G1312*F1312","v":{"v":0,"d":"0.00 €"}}]
[]
[null,"Divers"]
[null,"Solution recyclage des déchets",null,null,"ft",{"v":1,"d":"1.00"},{"v":610,"d":"610.00 €"},{"$f":"G1315*F1315","v":{"v":610,"d":"610.00 €"}}]
[]
[]
[{"$nulls":6},"TOTAL HT : ",{"$f":"SUM(H1304:H1317)","v":{"v":1819,"d":"1,819.00 €"}}]
[{"$nulls":6},"dont TVA 20 %",{"$f":"H1318*20%","v":{"v":363.8,"d":"363.80 €"}}]
[{"$nulls":6},"TOTAL TTC",{"$f":"H1318+H1319","v":{"v":2182.8,"d":"2,182.80 €"}}]
[]
[null,"Projet de construction de : ",null,{"$f":"$D$97","v":0},{"$nulls":3},{"$f":"NOW()","v":"2025-09-26T16:51:27.350"}]
[]
["RECAPITULATIF CHANTIER"]
[null,"Fourniture","Sous-traitants"]
[{"$nulls":3},"Terrassement Décapage",{"$nulls":3},{"$f":"H59","v":{"v":350,"d":"350.00 €"}}]
[{"$nulls":3},"Plancher hourdis Fourniture",{"$nulls":3},{"$f":"H93","v":{"v":3216.008,"d":"3,216.01 €"}}]
[{"$nulls":3},"Maçonnerie    ",{"$nulls":3},{"$f":"H201","v":{"v":23123.430780000002,"d":"23,123.43 €"}}]
[{"$nulls":3},"Ravalement",{"$nulls":3},{"$f":"H230","v":{"v":5102.75,"d":"5,102.75 €"}}]
[{"$nulls":3},"Construction métallique : poteau, escalier, verrière…",{"$nulls":3},{"$f":"H252","v":{"v":180,"d":"180.00 €"}}]
[{"$nulls":3},"Charpente Fourniture ",{"$nulls":3},{"$f":"H291","v":{"v":1063.99,"d":"1,063.99 €"}}]
[{"$nulls":3},"Charpente Pose",{"$nulls":3},{"$f":"H321","v":{"v":879.9536,"d":"879.95 €"}}]
[{"$nulls":3},"Escalier bois  DACHARY(F/P)",{"$nulls":3},{"$f":"H344","v":{"v":2710,"d":"2,710.00 €"}}]
[{"$nulls":3},"Couverture ",{"$nulls":3},{"$f":"H375","v":{"v":3926.4124,"d":"3,926.41 €"}}]
[{"$nulls":3},"Zinguerie",{"$nulls":3},{"$f":"H397","v":{"v":478.16999999999996,"d":"478.17 €"}}]
[{"$nulls":3},"Menuiseries extérieures Fourniture",{"$nulls":3},{"$f":"H449","v":{"v":8485.78,"d":"8,485.78 €"}}]
[{"$nulls":3},"Menuiseries intérieures Fourniture (portes)",{"$nulls":3},{"$f":"H489","v":{"v":1247.0200000000002,"d":"1,247.02 €"}}]
[{"$nulls":3},"Menuiseries extérieures/intérieures Pose",{"$nulls":3},{"$f":"H528","v":{"v":1255.23,"d":"1,255.23 €"}}]
[{"$nulls":3},"Placo Fourniture et pose",{"$nulls":3},{"$f":"H588","v":{"v":7666.3355,"d":"7,666.34 €"}}]
[{"$nulls":3},"Traitement des joints",{"$nulls":3},{"$f":"H611","v":{"v":0,"d":"0.00 €"}}]
[{"$nulls":3},"Isolation des combles",{"$nulls":3},{"$f":"H638","v":{"v":596.6655,"d":"596.67 €"}}]
[{"$nulls":3},"Electricité Pose MTE",{"$nulls":3},{"$f":"H778","v":{"v":2536,"d":"2,536.00 €"}}]
[{"$nulls":3},"Fourniture Pieuvre Electricité",{"$nulls":3},{"$f":"H801","v":{"v":3662.84,"d":"3,662.84 €"}}]
[{"$nulls":3},"Isolant de sol Fourniture                        ",{"$nulls":3},{"$f":"H835","v":{"v":0,"d":"0.00 €"}}]
[{"$nulls":3},"Isolant de sol Pose",{"$nulls":3},{"$f":"H857","v":{"v":0,"d":"0.00 €"}}]
[{"$nulls":3},"Carrelage Fourniture",{"$nulls":3},{"$f":"H899","v":{"v":217.8092,"d":"217.81 €"}}]
[{"$nulls":3},"Carrelage Pose",{"$nulls":3},{"$f":"SUM(H945)","v":{"v":576,"d":"576.00 €"}}]
[{"$nulls":3},"Chape liquide",{"$nulls":3},{"$f":"SUM(H965)","v":{"v":1782,"d":"1,782.00 €"}}]
[{"$nulls":3},"Sanitaire Fourniture",{"$nulls":3},{"$f":"SUM(H1001)","v":{"v":1374.54,"d":"1,374.54 €"}}]
[{"$nulls":3},"Sanitaire Pose ",{"$nulls":3},{"$f":"H1046","v":{"v":0,"d":"0.00 €"}}]
[{"$nulls":3},"Sanitaire Pose (MTE)",{"$nulls":3},{"$f":"H1098","v":{"v":4636.2,"d":"4,636.20 €"}}]
[{"$nulls":3},"Pieuvre hydrolique Fourniture",{"$nulls":3},{"$f":"H1122","v":{"v":860.37,"d":"860.37 €"}}]
[{"$nulls":3},"Chauffage PAC  Fourniture",{"$nulls":3},{"$f":"H1150","v":{"v":5854.06,"d":"5,854.06 €"}}]
[{"$nulls":3},"Chauffage  Mise en service",{"$nulls":3},{"$f":"H1172","v":{"v":250,"d":"250.00 €"}}]
[" peinture  F/P",null,null,"Peinture  Fourniture et pose",{"$nulls":3},{"$f":"H1201","v":{"v":0,"d":"0.00 €"}}]
["Rev. Sol F/P",null,null,"Rev. Sol Fourniture et pose",{"$nulls":3},{"$f":"H1232","v":{"v":0,"d":"0.00 €"}}]
[{"$nulls":3},"Rev de sol Stratifié Fourniture",{"$nulls":3},{"$f":"H1259","v":{"v":0,"d":"0.00 €"}}]
[{"$nulls":3}," Rev de sol Stratifié Pose",{"$nulls":3},{"$f":"H1282","v":{"v":0,"d":"0.00 €"}}]
[{"$nulls":3},"Divers (BETC 16 / BET BEGIN / ABCIIS / DIAG SOL)",{"$nulls":3},{"$f":"H1318","v":{"v":1819,"d":"1,819.00 €"}}]
[{"$nulls":3},"Provision",{"$nulls":4},"3000 OU 4500"]
[]
["TOTAL HT TRAV. RESERVES  :",null,{"$f":"SUM(C1326:C1361)","v":{"v":0,"d":"0.00 €"}},"TOTAL HT MAISON :",{"$nulls":3},{"$f":"SUM(H1326:H1360)","v":{"v":83850.56498,"d":"83,850.56 €"}}]
[null,"CCMI"]
[null,"Avenant 1"]
[]
[null,"Dommages ouvrage",{"$f":"#REF!*0.7%","v":{"$error":"#REF!"}}]
[null,"Garantie de livraison",{"$f":"D1363*0.7%","v":{"v":0,"d":"0.00 €"}}]
[]
[]
[null,"TOTAL CCMI TTC",null,{"$f":"SUM(D1364:D1369)","v":{"v":0,"d":"0.00 €"}}]
[]
[null,"PRIX DE VENTE HT",null,{"v":0,"d":"0.00 €"}]
[]
[null,"Marge  HT",null,{"$f":"D1372-H1362","v":{"v":-83850.56498,"d":"-83,850.56 €"}}]
[]
[null,"Taux de marge",null,{"$f":"D1374/D1372","v":{"$error":"#DIV/0!"}}]

{"sheet":"men","index":1,"n_rows":13,"n_cols":4,"rows_kept":13}
[8,"H","L","m²"]
[null,1.05,0.9,{"$f":"C2*B2","v":0.9450000000000001}]
[null,1.05,0.9,{"$f":"C3*B3","v":0.9450000000000001}]
[null,1.35,0.9,{"$f":"C4*B4","v":1.215}]
[null,1.35,0.9,{"$f":"C5*B5","v":1.215}]
[null,{"$f":"SUM(B2:B5)","v":4.800000000000001},{"$f":"SUM(C2:C5)","v":3.6},{"$f":"SUM(D2:D5)","v":4.32}]
[null,2.15,2,{"$f":"C7*B7","v":4.3}]
[null,2.15,2.2,{"$f":"C8*B8","v":4.73}]
[null,2.15,0.9,{"$f":"C9*B9","v":1.935}]
[null,2.15,0.8,{"$f":"C10*B10","v":1.72}]
[null,{"$f":"SUM(B7:B10)","v":8.6},{"$f":"SUM(C7:C10)","v":5.9},{"$f":"SUM(D7:D10)","v":12.685000000000002}]
[]
[null,{"$f":"B6+B11","v":13.4},{"$f":"C6+C11","v":9.5},{"$f":"D6+D11","v":17.005000000000003}]